{"text_format":"3","workbook":"xlsx","n_sheets":11,"sheets":["Series 0 - General","Series 1 - Ancillary Work","Series 2 - Earthworks","Series 4 - Water Retic & Mains","Series 5 - Drainage & Erosion","Series 6 - Roads & Parking","Series 7 - Structures","Series 8 - Specific Works","Series 9 - Quality Control","BoQ Summary","Series 10 - Magalies"],"not_rendered":{"defined_names":15,"comments":3},"read":"whole","date_system":"1900"}

{"sheet":"Series 0 - General","index":0,"n_rows":249,"n_cols":12,"rows_kept":249,"merged":[[0,0,0,7],[1,0,1,7],[2,0,2,7],[3,0,4,0],[3,1,4,1],[3,2,4,2],[3,3,4,3],[3,4,4,4],[3,5,4,5],[3,6,4,6],[59,0,59,6],[60,0,60,7],[61,0,61,7],[62,0,62,7],[63,0,64,0],[63,1,64,1],[63,2,64,2],[63,3,64,3],[63,4,64,4],[63,5,64,5],[63,6,64,6],[65,0,65,6],[101,0,101,6],[102,0,102,7],[103,0,103,7],[104,0,104,7],[105,0,106,0],[105,1,106,1],[105,2,106,2],[105,3,106,3],[105,4,106,4],[105,5,106,5],[105,6,106,6],[107,0,107,6],[140,0,140,6],[141,0,141,7],[142,0,142,7],[143,0,143,7],[144,0,145,0],[144,1,145,1],[144,2,145,2],[144,3,145,3],[144,4,145,4],[144,5,145,5],[144,6,145,6],[146,0,146,6],[194,0,194,6],[195,0,195,7],[196,0,196,7],[197,0,197,7],[198,0,199,0],[198,1,199,1],[198,2,199,2],[198,3,199,3],[198,4,199,4],[198,5,199,5],[198,6,199,6],[248,0,248,6]]}
["TENDER FOR REFURBISHMENT OF MAGALIES RESERVOIR"]
["CONTRACT NO: WSBU 05 2026/27"]
["SERIES 0: GENERAL"]
["Number","REF","LIC","Item Description","Unit","Quantity","Rate","Amount"]
[{"$nulls":7},"R"]
[{"$nulls":3},"SECTION 001: GENERAL REQUIREMENTS AND CHARGES"]
[0.1,"Part C3.5 , C3.5.1.4.1\nB001.01",null,"Preliminary and General Charges "]
[]
["0.1.1","001.01.01",null,"Fixed charges","Lump Sum",1]
[]
["0.1.2","001.01.02",null,"Time-related charges","Lump Sum",1]
[]
[]
[0.2,null,null,"Existing Services"]
[]
["0.2.1","001.02 ",null,"Locating existing services","Lump Sum",1]
[]
["0.2.2","001.03","LIC","Excavate by hand to expose existing services, and backfill","m³",200]
[]
[{"$nulls":3},"Other Fixed-charge Obligations"]
[0.3,"001.04",null,"Compliance with the Occupational Health and Safety Act and applicable regulations",{"$nulls":7},"`"]
[]
["0.3.1","001.04.01",null,"Provision of a Health and Safety plan","Lump Sum",1]
[]
["0.3.2","001.04.02",null,"Provision of Health and Safety file","Lump Sum",1]
[]
["0.3.3","001.04.03",null,"Provision of construction supervisors","Lump Sum",1]
[]
["0.3.4","001.04.04",null,"Provision of a safety officer (full-time)","Lump Sum",1]
[]
["0.3.5","001.04.05",null,"Health and Safety training","Lump Sum",1]
[]
["0.3.6","001.04.06",null,"Provision of personal protective clothing and equipment","Lump Sum",1]
[]
["0.3.7","001.04.07",null,"Provision of safety fences, signs and barricades","Lump Sum",1]
[]
["0.4","B001.05",null,"Community liaison officer","Prov Sum",1,{"v":220000,"d":"220,000.00"},{"v":220000,"d":"R220,000.00"}]
[]
["0.4.1","Part C3.5 , C3.5.1.4.1 Clause B001.05.01",null,"Contractor's mark up on item B001.05 (limit to maximum of 10%)","%",{"v":220000,"d":"220,000.00"},null,{"$f":"F39*G39","v":0}]
[]
[0.5,null,null,"Protection of  Existing Services"]
[]
["0.5.1","Part C3.5 , C3.5.1.4.1 Clause B001.06.01","LIC"," Protection, removal, realignment and replacement of services","Prov sum",1,{"v":100000,"d":"100,000.00"},{"v":100000,"d":"R100,000.00"}]
[]
["0.5,2","Part C3.5 , C3.5.1.4.1 Clause B001.06,02",null,"Handling cost and profit in respect of B001.06,01 (limit to maximum of 10%)"," (%)",{"$f":"H43","v":{"v":100000,"d":"R100,000.00"}},null,{"$f":"F45*G45","v":0}]
[]
[]
["0.6","Part C3.5 , \nC3.5.1.4.1 Clause B001.07",null,"Provide a suitably qualified Environmental Control Officer (ECO) for the duration of the Contract in accordance with the Project Specifications.","Lump Sum",1]
[]
["0.6.1","Part C3.5 , \nC3.5.1.4.1 Clause B001.07.01",null,"Contractor's mark up on item B001.07 (limit to maximum of 10%)","%"]
[]
["0.7",null,null,"Security guards (as specified in Part C3.5 Management to the Standard Specifications"]
[]
["0.7.1","Part C3.5 , C3.5.1.4.1 Clause B001.08",null,"Appointment of Local Security Company(s) to guard the project site","month",12]
[]
["0.8","Part C3.5 , C3.5.1.4.1 Clause B001.09",null,"Environmental Management Plan (EMP): Preparation, submission, and implementation support of a project-specific Environmental Management Plan (EMP) in accordance with the Contract, for review and approval by the Environmental Specialist/Environmental Control Officer (ECO).","Lump Sum",1]
[]
[]
[]
["Total Carried Forward"]
[{"$f":"A1","v":"TENDER FOR REFURBISHMENT OF MAGALIES RESERVOIR"}]
["CONTRACT NO: WSBU 05 2026/27"]
["SERIES 0: GENERAL"]
["Number","REF","LIC","Item Description","Unit","Quantity","Rate","Amount"]
[{"$nulls":7},"R"]
["Brought Forward"]
[]
[{"$nulls":3},"SECTION 001: GENERAL REQUIREMENTS AND CHARGES"]
[]
["0.9","Part C3.5 , C3.5.1.4.1 Clause B001.10",null,"Sums stated provisionally"]
[]
["0.9.1","Part C3.5 , C3.5.1.4.1 Clause B001.10.01",null,"Training of targeted labourers ","Prov sum",1,{"v":250000,"d":"250,000.00"},{"$f":"F72*G72","v":{"v":250000,"d":"R250,000.00"}}]
[]
["0.9.2","Part C3.5 , C3.5.1.4.1 Clause B001.10.02",null,"Charges required by the Contractor on subitem  B001.10.01 above (limit to maximum of 10%)","%",{"v":250000,"d":"250,000.00"},null,{"$f":"F74*G74","v":0}]
[]
["0.9.3","Part C3.5 , C3.5.1.4.1 Clause B001.10.03",null,"Materials to be used during dayworks","Prov sum",1,{"v":60000,"d":"60,000.00"},{"$f":"F76*G76","v":{"v":60000,"d":"R60,000.00"}}]
[]
["0.9.4","Part C3.5 , C3.5.1.4.1 Clause B001.10.04",null,"Extra-Over on B001.10.03 for mark-up (limit to maximum of 10%)","%",{"v":60000,"d":"60,000.00"},null,{"$f":"F78*G78","v":0}]
[]
[]
[null,"Part C3.5 , C3.5.1.4.1 Clause B001.11",null,"DAYWORKS"]
[]
["0.10","Part C3.5 , C3.5.1.4.1 Clause B001.11.1 ",null,"Labour"]
[]
["0.10.1","Part C3.5 , C3.5.1.4.1 Clause B001.11.1.01",null,"Qualified Artisans","hour",40]
[]
["0.10.2","Part C3.5 , C3.5.1.4.1 Clause B001.11.1.02",null,"Foreman (9hour/day)","man- day",40]
[]
["0.10.3","Part C3.5 , C3.5.1.4.1 Clause B001.11.1.03",null,"Semi-skilled (9 hour/day)","man- day",40]
[]
["0.10.4","Part C3.5 , C3.5.1.4.1 Clause B001.11.1.04",null,"Labourer (9 hours/day)","man- day",40]
[]
["0.11","Part C3.5 , C3.5.1.4.1 Clause B001.11.2 ",null,"Plant Hire: Work Rates on Site"]
[]
["0.11.1",null,null,"Tipper Truck"]
["0.11.1.1","Part C3.5 , C3.5.1.4.1 Clause B001.11.2.01",null,"1 m3 (small)","hour",20]
[]
["0.11.1.2","Part C3.5 , C3.5.1.4.1 Clause B001.11.2.02",null,"3 m3 (large)","hour",20]
[]
["0.11.2",null,null,"Flatbed Truck"]
[]
["Total Carried Forward"]
[{"$f":"A61","v":"TENDER FOR REFURBISHMENT OF MAGALIES RESERVOIR"}]
["CONTRACT NO: WSBU 05 2026/27"]
["SERIES 0: GENERAL"]
["Number","REF","LIC","Item Description","Unit","Quantity","Rate","Amount"]
[{"$nulls":7},"R"]
["Brought Forward"]
[{"$nulls":3},"SECTION 001: GENERAL REQUIREMENTS AND CHARGES"]
[]
["0.11.2.1","Part C3.5 , C3.5.1.4.1 Clause B001.11.2.03",null,"1 ton (small)","hour",15]
[]
["0.11.2.2","Part C3.5 , C3.5.1.4.1 Clause B001.11.2.04",null,"3 ton (large)","hour",15]
[]
["0.11.3","Part C3.5 , C3.5.1.4.1 Clause B001.11.2.05",null,"LDV (1.0 ton)","hour",20]
[]
["0.11.4","Part C3.5 , C3.5.1.4.1 Clause B001.11.2.06",null," Wheel Loader (5 m³ bucket capacity)","hour",15]
[]
["0.11.5","Part C3.5 , C3.5.1.4.1 Clause B001.11.2.07",null,"Motor Grader","hour",10]
[]
["0.11.6","Part C3.5 , C3.5.1.4.1 Clause B001.11.2.08",null,"Backhoe Excavator  20–25 ton","hour",15]
[]
["0.11.7","Part C3.5 , C3.5.1.4.1 Clause B001.11.2.09",null,"Tractor Loader-Backhoe (TLB) 6 - 7 ton or equivalent","hour",15]
[]
["0.11.8",null,null,"Pedestrian Roller"]
[]
["0.11.8.1","Part C3.5 , C3.5.1.4.1 Clause B001.11.2.10",null,"Walk-behind compaction roller (approx. 60-300kg)","hour",25]
[]
["0.11.9",null,null,"Concrete Mixer"]
[]
["0.11.9.1","Part C3.5 , C3.5.1.4.1 Clause B001.11.2.11",null,"170 l (small)","hour",15]
[]
[]
["0.11.10",null,null,"Miscellaneous"]
[]
["0.11.10.1","Part C3.5 , C3.5.1.4.1 Clause B001.11.2.12",null,"Compressor 250 Cfm","hour",15]
[]
["0.11.10.2","Part C3.5 , C3.5.1.4.1 Clause B001.11.2.13",null,"Water Pump with 25 l/s","hour",15]
[]
[]
["Total Carried Forward",{"$nulls":6},{"$f":"SUM(H108:H140)","v":0}]
[{"$f":"A103","v":"TENDER FOR REFURBISHMENT OF MAGALIES RESERVOIR"}]
["CONTRACT NO: WSBU 05 2026/27"]
["SERIES 0: GENERAL"]
["Number","REF","LIC","Item Description","Unit","Quantity","Rate","Amount"]
[{"$nulls":7},"R"]
["Brought Forward",{"$nulls":6},{"$f":"H141","v":0}]
[{"$nulls":3},"SECTION 001: GENERAL REQUIREMENTS AND CHARGES"]
[]
["0.11.10.3","Part C3.5 , C3.5.1.4.1 Clause B001.12 ",null,"Supply of 60 Ton Mobile Crane for 40 days","Day",40]
[]
[]
[]
["0.11.10.4","Part C3.5 , C3.5.1.4.1 Clause B001.13",null,"Supply of 40 Ton Mobile Crane for 40 days","Day",40]
[]
[]
[]
["0.11.10.5","Part 3.5 , C3.5.1.4.1 Clause B001.14",null,"Provision of Topographical Survey"]
[]
["0.11.10.6","Part C3.5 , C3.5.1.4.1 Clause B001.14.01 ",null,"Provision of Topographical survey for the site as instructed by the Engineer, including all cost, labour, materials, etc.","Prov Sum",1,{"v":90000,"d":"90,000.00"},{"$f":"G160*F160","v":{"v":90000,"d":"R90,000.00"}}]
[]
["0.11.10.7","Part C3.5 , C3.5.1.4.1 Clause B001.14.02 ",null,"Extra-Over on 001.14.01 for mark-up (limit to maximum of 10%)","%",{"$f":"H160","v":{"v":90000,"d":"R90,000.00"}},null,{"$f":"F162*G162","v":0}]
[]
["0.11.10.8","Part C3.5 , C3.5.1.4.1 Clause B001.15",null,"Print, supply, distributions and removal of water interruptions notice color printed"]
[]
["0.11.10.9","B001.15.01              ",null,"Color printed  on Correx                                                                                                                  ","m²",250]
[]
["0.11.10.10","B001.15.02              ",null,"A5 flyers","No.",100]
{"$rows_empty":26}
["Total Carried Forward To Summary"]
[{"$f":"A142","v":"TENDER FOR REFURBISHMENT OF MAGALIES RESERVOIR"}]
["CONTRACT NO: WSBU 05 2026/27"]
["SERIES 0: GENERAL"]
["Number","REF","LIC","Item Description","Unit","Quantity","Rate","Amount"]
[]
[{"$nulls":3},"SECTION 002: ENGINEER'S ACCOMMODATION"]
[]
[]
["0.2",null,null,"Services"]
[]
["0.2.1","002.02",null,"Treatment and maintainance of areas sorounding offices and laboratories","Lump Sum",1]
[]
["0.2.2","002.03",null,"Office and laboratory accommodation","Lump Sum",1]
[]
["0.2.3","002.04",null,"Provision of survey equipment\nand assistants","Lump Sum",1]
{"$rows_empty":38}
["Total Carried Forward To Summary"]

{"sheet":"Series 1 - Ancillary Work","index":1,"n_rows":111,"n_cols":8,"rows_kept":111,"merged":[[0,0,0,7],[1,0,1,7],[2,0,2,7],[3,0,4,0],[3,1,4,1],[3,2,4,2],[3,3,4,3],[3,4,4,4],[3,5,4,5],[3,6,4,6],[49,0,49,6],[50,0,50,7],[51,0,51,7],[52,0,52,7],[53,0,54,0],[53,1,54,1],[53,2,54,2],[53,3,54,3],[53,4,54,4],[53,5,54,5],[53,6,54,6],[65,7,66,7],[110,0,110,6]]}
["TENDER FOR REFURBISHMENT OF MAGALIES RESERVOIR"]
["CONTRACT NO: WSBU 05 2026/27"]
["SERIES 1: ANCILLARY WORK"]
["Number","REF","LIC","Item Description","Unit","Quantity","Rate","Amount"]
[{"$nulls":7},"R"]
[{"$nulls":3},"SECTION 101: SITE CLEARING AND GRUBBING"]
[]
[1.1,null,null,"Clearing and grubbing"]
[]
["1.1.1","101.01.01","LIC","Areas","m²",500]
[]
[1.2,null,null,"Cutting and removing large trees with a girth-"]
[]
["1.2.1","101.02.01","LIC","exceeding 1 m and up to and including 2 m","No",2]
[]
[1.3,null,null,"Grubbing and the removal of the stumps and roots of large trees with a girth-"]
[]
["1.3.1","101.03.01","LIC","exceeding 1 m and up to and including 2 m","No",2]
[]
[1.4,null,null,"Removal and Disposal of specific elements"]
[]
["1.4.1","101.05.02","LIC","Concrete or brick elements (reinforced or unreinforced)"]
[]
["1.4.2","101.05.02.01",null,"Demolish, break out and load the rubble of the existing reservoir outlet valve box & scour boxes (concrete floors with brick walls), transport & spoil at an approved commercial spoil site ","m³",6]
[]
["1.4.3","Part C3.5 , C3.5.1.4.1 Clause B101.05.02.02   ",null,"Support, cut loose and lift the top slab at the existing Magalies reservoirs 1, 2 & 3 inlet valve boxes, upload & transport & spoil at an approved commercial spoil site ","m³",6]
{"$rows_empty":23}
["Total Carried Forward To Summary",{"$nulls":6},{"$f":"SUM(H6:H49)","v":0}]
[{"$f":"A1","v":"TENDER FOR REFURBISHMENT OF MAGALIES RESERVOIR"}]
["CONTRACT NO: WSBU 05 2026/27"]
["SERIES 1: ANCILLARY WORK"]
["Number","REF","LIC","Item Description","Unit","Quantity","Rate","Amount"]
[{"$nulls":7},"R"]
[{"$nulls":3},"SECTION 102: ACCOMMODATION OF TRAFFIC"]
[]
[1.5,102.01,null,"Traffic accommodation and maintenance of bypasses ","m",750]
[]
[1.6,102.14,null,"Temporary traffic-control facilities"]
[]
["1.6.1","102.14.01","LIC","Flagmen/Flag woman","Lump Sum",1]
[]
["1.6.2","102.14.05",null,"Road signs, TW-series, 1 524 mm sides","No",10]
[]
["1.6.3","102.14.09",null,"Traffic cones","No",10]
[]
[1.7,"Part C3.5 , C3.5.1.4.1 Clause B102.15",null,"Re-use or removal of traffic-control facilities"]
[]
["1.7.1","B102.15.02",null,"Road signs, TR and TW-series","No",2]
{"$rows_empty":40}
["Total Carried Forward To Summary",{"$nulls":6},{"$f":"SUM(H56:H110)","v":0}]

{"sheet":"Series 2 - Earthworks","index":2,"n_rows":106,"n_cols":11,"rows_kept":106,"merged":[[0,0,0,7],[1,0,1,7],[2,0,2,7],[3,0,4,0],[3,1,4,1],[3,2,4,2],[3,3,4,3],[3,4,4,4],[3,5,4,5],[3,6,4,6],[62,0,62,6],[63,0,63,7],[64,0,64,7],[65,0,65,7],[66,0,67,0],[66,1,67,1],[66,2,67,2],[66,3,67,3],[66,4,67,4],[66,5,67,5],[66,6,67,6],[105,0,105,6]]}
["TENDER FOR REFURBISHMENT OF MAGALIES RESERVOIR"]
["CONTRACT NO: WSBU 05 2026/27"]
["SERIES 2: EARTHWORKS"]
["Number","REF","LIC","Item Description","Unit","Quantity","Rate","Amount"]
[{"$nulls":7},"R"]
[]
[{"$nulls":3},"SECTION 202: TRENCHING"]
[]
[2.2,"Part C3.5 , C3.5.1.4.1 Clause B202,01",null,"Trench excavation for pipework at Magalies Reservoirs (15ML)"]
[]
["2.2.1","B202.01.01",null,"Up to 1 m wide"]
[]
["2.2.1.1","B202.01.01.01","LIC","Up to 1.0 m deep","m³",3]
["2.2.1.2","B202.01.01.02","LIC","Over 1.0 m to 1.5 m deep","m³",16]
["2.2.1.3","B202.01.01.03",null,"Over 1.5 m to 2.0 m deep","m³",1]
["2.2.1.4","B202.01.01.04",null,"Over 2.0 m to 2.5 m deep","m³",1]
[]
["2.2.2","B202.01.02",null,"Over 1,0 m and up to 2,0 m wide (overflow & scour pipe)"]
[]
["2.2.2.1","B202.01.02.01","LIC","Up to 1.0 m deep","m³",40]
["2.2.2.2","B202.01.02.02","LIC","Over 1.0 m to 1.5 m deep","m³",20]
["2.2.2.3","B202.01.02.03",null,"Over 1.5 m to 2.0 m deep","m³",5]
["2.2.2.4","B202.01.02.04",null,"Over 2.0 m to 2.5 m deep","m³",3]
[]
["2.2.3","Part C3.5 , C3.5.1.4.1 Clause B202,02",null,"Extra over 202.01 for excavating in "]
[]
["2.2.3.1","B202.02.01",null,"Soft Material","m³",15]
[]
["2.2.3.2","202.02.02",null,"Hard material","m³",5,{"$nulls":4},"take out interm, change spec to b items"]
[]
["2.2.4",202.04,null,"Hand excavation - Extra over 202.01","m³",{"v":10,"d":"10.0"}]
[]
[2.3,202.06,null,"Backfilling of trenches with excavated material and compacted to 93% MOD AASHTO density","m³",{"v":40,"d":"40.0"}]
[]
["2.3.1",202.07,null,"Extra over 202.06 for importing backfill material"]
[]
["2.3.2","202.07.01",null,"Borrow areas","m³",5]
["2.3.3","202.07.02",null,"Sources provided by the Contractor","m³",2]
[]
[2.4,"Part C3.5 , C3.5.1.4.1 Clause B202.10",null,"Removal of spoil material"]
[]
["2.4.1","B202.10.02",null,"To dumping area provided by the Contractor","m³",10]
{"$rows_empty":20}
["Total Carried Forward To Summary"]
[{"$f":"A1","v":"TENDER FOR REFURBISHMENT OF MAGALIES RESERVOIR"}]
["CONTRACT NO: WSBU 05 2026/27"]
[{"$f":"A3","v":"SERIES 2: EARTHWORKS"}]
["Number","REF","LIC","Item Description","Unit","Quantity","Rate","Amount"]
[{"$nulls":7},"R"]
[{"$nulls":3},"SECTION 203: MASS EARTHWORKS"]
[]
[2.5,203.01,null,"Excavation and borrow to fill"]
[]
["2.5.1","Part C3.5 , C3.5.1.4.1 Clause B203.01.04",null,"Compaction to 93% of modified AASHTO density","m³",2]
[]
[2.6,203.02,null,"Extra over item 203.01 for excavating in"]
[]
["2.6.2","203.02.02",null,"Hard material","m³",2]
[]
[2.7,"Part C3.5 , C3.5.1.4.1 Clause B203,03",null,"Excavate and spoil of -"]
[]
["2.7.1","B203.03.01",null,"Soft  material","m³",2]
[]
["2.7.3","B203.03.02",null,"Hard material","m³",2]
[]
[2.8,203.1,null,"In situ treatment of the construction bed"]
[]
["2.8.1","203.10.01",null,"In situ treatment by ripping","m³",8]
[]
["2.8.2",203.14,null,"Extra over item 203.01 for borrowing material from sources to be supplied by the Contractor","m³",2]
[]
["2.8.3",203.15,null,"Extra over items B203.03 for disposing of spoil material to sites to be provided by the Contractor","m³",2]
[]
[2.9,"Part C3.5 , C3.5.1.4.1 Clause B203.16",null,"Excavation and Borrow to Stockpile"]
[]
["2.9.1","Part C3.5 , C3.5.1.4.1 Clause B203.16.01",null,"Soft material","m³",2]
[]
["2.9.3","Part C3.5 , C3.5.1.4.1 Clause B203.16.02",null,"Hard material","m³",1]
{"$rows_empty":8}
["Total Carried Forward To Summary"]

{"sheet":"Series 4 - Water Retic & Mains","index":3,"n_rows":208,"n_cols":8,"rows_kept":208,"merged":[[0,0,0,7],[1,0,1,7],[2,0,2,7],[3,0,4,0],[3,1,4,1],[3,2,4,2],[3,3,4,3],[3,4,4,4],[3,5,4,5],[3,6,4,6],[61,0,61,6],[62,0,62,7],[63,0,63,7],[64,0,64,7],[65,0,66,0],[65,1,66,1],[65,2,66,2],[65,3,66,3],[65,4,66,4],[65,5,66,5],[65,6,66,6],[67,0,67,6],[105,0,105,6],[106,0,106,7],[107,0,107,7],[108,0,108,7],[109,0,110,0],[109,1,110,1],[109,2,110,2],[109,3,110,3],[109,4,110,4],[109,5,110,5],[109,6,110,6],[144,0,144,6],[145,0,145,7],[146,0,146,7],[147,0,147,7],[148,0,149,0],[148,1,149,1],[148,2,149,2],[148,3,149,3],[148,4,149,4],[148,5,149,5],[148,6,149,6],[207,0,207,6]]}
["TENDER FOR REFURBISHMENT OF MAGALIES RESERVOIR"]
["CONTRACT NO: WSBU 05 2026/27"]
["SERIES 4: WATER RETICULATION AND WATER MAINS"]
["Number","REF","LIC","Item Description","Unit","Quantity","Rate","Amount"]
[{"$nulls":7},"R"]
[{"$nulls":3},"SERIES 4: WATER RETICULATION WATER MAINS"]
[]
[4.1,null,null,"SECTION 401: MATERIALS"]
[]
[{"$nulls":3},"Except where pay items are provided for certain materials, no separate measurement and payment shall be made for materials, and the cost thereof shall be included in the appropriate tendered rates of section 402."]
{"$rows_empty":51}
["Total Carried Forward To Summary",{"$nulls":6},{"$f":"SUM(H6:H61)","v":0}]
[{"$f":"A1","v":"TENDER FOR REFURBISHMENT OF MAGALIES RESERVOIR"}]
["CONTRACT NO: WSBU 05 2026/27"]
["SERIES 4: WATER RETICULATION AND WATER MAINS"]
["Number","REF","LIC","Item Description","Unit","Quantity","Rate","Amount"]
[{"$nulls":7},"R"]
["Brought Forward",{"$nulls":6},{"$f":"H62","v":0}]
["4.1","B402,07",null,"Valve chambers - Pipework, Valves & Fittings"]
[]
[{"$nulls":3},"LEGEND: F = Flanged, OEF = one end flanged, BEF = both ends flanged,  PF = puddle flange, "]
[{"$nulls":3},"All steel pipes to SANS 791, Grade B, t = 6 mm, epoxy lined & fusion bonded polyethylene coating  to City of Tshwane Standard Specification Series 4, Section 401, 05"]
[]
["4.1.1","Part C3.5 , C3.5.1.4.1 Clause B402.07.05",null," Inlet Valve Box Reservoir 1"]
[]
["4.1.1.1","Part C3.5 , C3.5.1.4.1 Clause B402.07.05.01",null,"400 mm x 350 mm reducer, 400 mm end flanged (NB 400 mm flange class & drilling to be verified to fit existing flange), welded to 120 mm 350 mm Ø pipe, OEF, PN 16 ","no",2]
[]
["4.1.1.2","Part C3.5 , C3.5.1.4.1 Clause B402.07.05.02",null,"350 mm Ø RSV, F gate valve, to SANS 664, SANS 665 & EN558-2, PN 16 ","no",1]
[]
["4.1.1.3","Part C3.5 , C3.5.1.4.1 Clause B402.07.05.03",null,"350 mm Ø pipe BEF, PN 16, L = 300","no",1]
[]
["4.1.1.4","Part C3.5 , C3.5.1.4.1 Clause B402.07.05.04",null,"350 mm Ø Dismantling joint, L = 295","no",1]
[]
["4.1.1.5","Part C3.5 , C3.5.1.4.1 Clause B402.07.05.05",null,"350 mm Ø pipe BEF, PN 16, L = 388","no",1]
[]
["4.1.1.6","Part C3.5 , C3.5.1.4.1 Clause B402.07.05.06",null,"350 mm Ø Double eccentric, F butterfly valve, series 13,  PN 16 with gearbox to EN 593","no",1]
[]
["4.1.1.8","Part C3.5 , C3.5.1.4.1 Clause B402.07.05.07",null,"Air vent - DWG 7515-VC222","no",2]
[]
["4.1.2","Part C3.5 , C3.5.1.4.1 Clause B402.07.06",null," Inlet Valve Box Reservoir 2"]
[]
["4.1.2.1","Part C3.5 , C3.5.1.4.1 Clause B402.07.06.01",null,"400 mm x 350 mm reducer, 400 mm end flanged (NB 400 mm flange class & drilling to be verified to fit existing flange), welded to 120 mm 350 mm Ø pipe, OEF, PN 16 ","no",2]
[]
["4.1.2.2","Part C3.5 , C3.5.1.4.1 Clause B402.07.06.02",null,"350 mm Ø RSV, F gate valve, to SANS 664, SANS 665 & EN558-2, PN 16 ","no",1]
[]
["4.1.2.3","Part C3.5 , C3.5.1.4.1 Clause B402.07.06.03",null,"350 mm Ø pipe BEF, PN 16, L = 623","no",1]
[]
["4.1.2.4","Part C3.5 , C3.5.1.4.1 Clause B402.07.06.04",null,"350 mm Ø Dismantling joint, L = 500","no",1]
[]
["4.1.2.5","Part C3.5 , C3.5.1.4.1 Clause B402.07.06.05",null,"350 mm Ø pipe BEF, PN 16, L = 360","no",1]
[]
["4.1.2.6","Part C3.5 , C3.5.1.4.1 Clause B402.07.06.06",null,"350 mm Ø Double eccentric, F butterfly valve, series 13,  PN 16 with gearbox to EN 593","no",1]
[]
["4.1.2.8","Part C3.5 , C3.5.1.4.1 Clause B402.07.06.07",null,"Air vent - DWG 7515-VC222","no",2]
[]
["Total Carried Forward To Summary",{"$nulls":6},{"$f":"SUM(H68:H105)","v":0}]
[{"$f":"A1","v":"TENDER FOR REFURBISHMENT OF MAGALIES RESERVOIR"}]
["CONTRACT NO: WSBU 05 2026/27"]
["SERIES 4: WATER RETICULATION AND WATER MAINS"]
["Number","REF","LIC","Item Description","Unit","Quantity","Rate","Amount"]
[{"$nulls":7},"R"]
[{"$nulls":3},"TOTAL BROUGHT FORWARD"]
[]
["4.1.3","Part C3.5 , C3.5.1.4.1 Clause B402.07.07",null," Inlet Valve Box Reservoir 3"]
[]
["4.1.3.1","Part C3.5 , C3.5.1.4.1 Clause B402.07.07.01",null,"400 mm x 350 mm reducer, 400 mm end flanged (NB 400 mm flange class & drilling to be verified to fit existing flange), welded to 120 mm 350 mm Ø pipe, OEF, PN 16 ","no",2]
[]
["4.1.3.2","Part C3.5 , C3.5.1.4.1 Clause B402.07.07.02",null,"350 mm Ø RSV, F gate valve, to SANS 664, SANS 665 & EN558-2, PN 16 ","no",1]
[]
["4.1.3.3","Part C3.5 , C3.5.1.4.1 Clause B402.07.07.03",null,"350 mm Ø pipe BEF, PN 16, L = 373","no",1]
[]
["4.1.3.4","Part C3.5 , C3.5.1.4.1 Clause B402.07.07,04",null,"350 mm Ø Dismantling joint, L = 250","no",1]
[]
["4.1.3.5","Part C3.5 , C3.5.1.4.1 Clause B402.07.07.05",null,"350 mm Ø pipe BEF, PN 16, L = 360","no",1]
[]
["4.1.3.6","Part C3.5 , C3.5.1.4.1 Clause B402.07.07.06",null,"350 mm Ø Double eccentric, F butterfly valve, series 13,  PN 16 with gearbox to EN 593","no",1]
[]
["4.1.3.8","Part C3.5 , C3.5.1.4.1 Clause B402.07.07.07",null,"Air vent - DWG 7515-VC222","no",2]
[]
["4.2",null,null,"Miscellaneous Items"]
[]
["4.2.1","Part C3.5 , C3.5.1.4.1 Clause B402.12.01","LIC","Connect to existing pipe                                                                      ","No.",4]
{"$rows_empty":12}
["Total Carried Forward "]
["TENDER FOR REFURBISHMENT OF MAGALIES RESERVOIR"]
["CONTRACT NO: WSBU 05 2026/27"]
["SERIES 4: WATER RETICULATION AND WATER MAINS"]
["Number","REF","LIC","Item Description","Unit","Quantity","Rate","Amount"]
[{"$nulls":7},"R"]
{"$rows_empty":19}
[{"$nulls":3}," "]
{"$rows_empty":37}
["Total Carried Forward To Summary"]

{"sheet":"Series 5 - Drainage & Erosion","index":4,"n_rows":214,"n_cols":8,"rows_kept":214,"merged":[[0,0,0,7],[1,0,1,7],[2,0,2,7],[3,0,4,0],[3,1,4,1],[3,2,4,2],[3,3,4,3],[3,4,4,4],[3,5,4,5],[3,6,4,6],[54,0,54,6],[55,0,55,7],[56,0,56,7],[57,0,57,7],[58,0,59,0],[58,1,59,1],[58,2,59,2],[58,3,59,3],[58,4,59,4],[58,5,59,5],[58,6,59,6],[109,0,109,6],[110,0,110,7],[111,0,111,7],[112,0,112,7],[113,0,114,0],[113,1,114,1],[113,2,114,2],[113,3,114,3],[113,4,114,4],[113,5,114,5],[113,6,114,6],[154,0,154,6],[155,0,155,7],[156,0,156,7],[157,0,157,7],[158,0,159,0],[158,1,159,1],[158,2,159,2],[158,3,159,3],[158,4,159,4],[158,5,159,5],[158,6,159,6],[213,0,213,6]]}
["TENDER FOR REFURBISHMENT OF MAGALIES RESERVOIR"]
["CONTRACT NO: WSBU 05 2026/27"]
["SERIES 5: DRAINAGE AND EROSION PROTECTION"]
["Number","REF","LIC","Item Description","Unit","Quantity","Rate","Amount"]
[{"$nulls":7},"R"]
[{"$nulls":3},"SECTION 501 : SUBSURFACE DRAINS AND DRAINAGE BLANKETS"]
[]
[5.1,501.04,null,"Geotextiles (Grade A2 or equivalent)","m²",12.5]
[]
["5.1.1",501.05,null,"Pipes in subsurface drains"]
[]
["5.1.1.1","501.05.01",null,"Unplasticsed slotted PVC pipes complete with couplings:"]
[]
["5.1.1.1.1","501.05.01.01",null,"160mm internal diameter slotted","m",250]
[]
[5.2,501.08,null,"Concrete caps for subsurface drainpipes 300*300*100mm deep 25Mpa Concrete","No",3]
[]
[5.3,"Part C3.5 , C3.5.1.4.1 Clause B501.09",null,"Test flushing of subsoil pipe system","Lump Sum",1]
[]
[5.4,"Part C3.5 , C3.5.1.4.1 Clause B501.10",null,"Construct a cleaning eye vertical pipe onto subsoil drain","No",3]
{"$rows_empty":34}
["Total Carried Forward To Summary"]
[{"$f":"A1","v":"TENDER FOR REFURBISHMENT OF MAGALIES RESERVOIR"}]
["CONTRACT NO: WSBU 05 2026/27"]
["SERIES 5: DRAINAGE AND EROSION PROTECTION"]
["Number","REF","LIC","Item Description","Unit","Quantity","Rate","Amount"]
[{"$nulls":7},"R"]
[{"$nulls":3},"SECTION 502 : PREFABRICATED CULVERTS AND STORMWATER PIPES"]
[]
[5.5,502.01,null,"Backfilling with selected excavated material compacted to -"]
[]
["5.5.1","502.01.03","LIC","95% of modified AASHTO density","m³",75]
[]
[5.6,502.02,null,"Supplying and laying of concrete pipe culverts (type SC-pipes)"]
[]
["5.6.1","502.02.01",null,"Class C Bedding, Type 100D","m³",7.5]
[]
["5.6.2","502.02.01.01",null,"600mm dia pipes","m",75]
[]
[5.7,502.16,null,"Manholes, catchpits, precast inlet and outlet structures and junction boxes complete"]
[]
["5.7.1","502.16.01",null,"Manholes (1.5m diameter Precast, 1.5m deep with Concrete Type 2A heavy Duty Cover compelete with step irons and benching)","No",1]
[]
["5.7.2","502.16.03",null,"Precast outlet structure (Suitable concrete precast outlet structure to fit 600mm outlet pipe)","No",1]
[]
["5.8","Part C3.5 , C3.5.1.4.1 Clause B502.21",null,"Supply and place Soilcrete inclusive of all cost of materials, transport, equipment and labour.","m³",2.5]
[]
["5.9","B502.22",null,"Extra over items for 502.01.03 and B502.21 using backfill material obtained - "]
[]
["5.9.1","B502.22.02",null,"From sources provided\nby Contractor","m³",1]
[]
["5.10","Part C3.5 , C3.5.1.4.1 Clause B502.24",null,"Underfloor drainage"]
["5.10.1","Part C3.5 , C3.5.1.4.1 Clause B502.24.01",null,"Jacking of under foundation/floor 300mm diameter sleave, including establishment, labour, supply of all materials and equipement, excavations, backfill, recasting of surface bed and de-establishment.","Prov sum",1,{"$f":"175000/2","v":{"v":87500,"d":"87,500.00"}},{"$f":"G86*F86","v":{"v":87500,"d":"R87,500.00"}}]
[]
["5.10.2","Part 3.5 , C3.5.1.4.1 Clause B502.24.02",null,"Charges required by the Contractor on subitem  502.24.01 above (limit to maximum of 10%)","%",{"$f":"H86","v":{"v":87500,"d":"R87,500.00"}}]
{"$rows_empty":21}
["Total Carried Forward To Summary"]
[{"$f":"A56","v":"TENDER FOR REFURBISHMENT OF MAGALIES RESERVOIR"}]
["CONTRACT NO: WSBU 05 2026/27"]
["SERIES 5: DRAINAGE AND EROSION PROTECTION"]
["Number","REF","LIC","Item Description","Unit","Quantity","Rate","Amount"]
[{"$nulls":7},"R"]
[{"$nulls":3},"SECTION 504 : OPEN DRAINS"]
[]
[5.11,504.02,null,"Concrete chutes Precast"]
[]
["5.11.1","504.02.01",null,"(SANRAL TYPE embankment chute 1000mm x 470mm wide by 200 deep complete with downstand and mesh reinforcement ref 200, 92 -101kg/unit):","m",50]
[]
[5.12,504.04,null,"Channels (V-Shape):"]
[]
["5.12.1","504.04.01","LIC","V-Shape Channel to be constructed around reservoirs as per drawing details 1.5m wide x 0.1m deep Cast in- situ in alternative panels 2m long with 10mm joints filler per joint","m",50]
[]
[5.13,504.05,null,"Construction of chutes, side drains channels, inlet transition sections and auxiliary structures (Measured by components):"]
[]
["5.13.1","504.05.01","LIC","Excavation","m³",{"$f":"F124*0.5*1","v":25}]
[]
["5.13.2","504.05.02","LIC","Preparation of excavations for concrete-lined open drains","m²",{"$f":"(F124*1.5)","v":75}]
[]
["5.13.3","504.05.03","LIC","Cast in situ concrete for the lining of open drains, or open drains constructed in concrete (Class 25 Mpa/19mm stone Reservoir V-Shape Channel. Class U2 surface finish)","m³",{"$f":"F124*1.5*0.15*1.1","v":12.375000000000002}]
[]
["5.13.4","504.05.04","LIC","Formwork for cast in situ concrete (class F2 surface finish):"]
[]
["5.13.5","504.05.04.01","LIC","To vertical sides of open drains (formwork on external face only 0.15 hight x 440m combined channel length)","m²",{"$f":"440*0.15*0.5","v":33}]
[]
["5.13.6","504.05.04.04",null,"To ends of slabs","m²",3]
[]
[5.14,"504.05.05",null,"Joints in the concrete lining of open drains"]
[]
["5.14.1","504.05.05.01",null,"Joints for Stormwater Channels Polysulphide sealant 10mm wide (2m intervals)","m",{"$f":"(F124/2)*1.5*0.5","v":18.75}]
[]
["5.14.2","504.05.06",null,"Welded steel fabric"]
[]
["5.14.2.1","504.05.06.01",null,"Welded steel Fabric Ref 193","kg",5]
[]
["5.14.3",504.06,null,"Polyethylene sheeting (0,150 mm thick) for concrete- lined open drains","m²",33]
[]
["5.14.4",504.07,null,"Excavation in hard material (Extra over items  504.02, 504.04 and 504.05)","m³",2.5]
[]
["5.14.5",504.08,"LIC","Hand excavations (Extra over subitem 504.05.01)","m³",2.5]
[]
[]
["Total Carried Forward To Summary"]
[{"$f":"A111","v":"TENDER FOR REFURBISHMENT OF MAGALIES RESERVOIR"}]
["CONTRACT NO:  WSBU 05 2026/27"]
["SERIES 5: DRAINAGE AND EROSION PROTECTION"]
["Number","REF","LIC","Item Description","Unit","Quantity","Rate","Amount"]
[{"$nulls":7},"R"]
[{"$nulls":3},"SECTION 505 : EROSION PROTECTION"]
[]
[5.15,505.02,"LIC","Surface preparation for the bedding of gabions","m²",12.5]
[]
["5.15.1",505.03,null,"Gabions"]
[]
["5.15.1.1","505.03.01","LIC","Gabion Box (1.0m wide 1.0m deep x 2m long, mesh 80mm, 2.2mm galvanised wire)","m³",5]
[]
["5.15.1.1","505.03.02","LIC","Gabion Box Galvanised Matress (Diaphragm spacing 1.0m, 6m long x 2m wide x 0.3m deep mesh 80mm x 100mm x 2.2mm galvanised wire)","m³",5]
[]
["5.15.1.1",505.05,"LIC","Filter fabric for gabions (Non-woven filter fabric Grade A2 geofabric or similar)","m²",12.5]
{"$rows_empty":42}
["Total Carried Forward To Summary"]

{"sheet":"Series 6 - Roads & Parking","index":5,"n_rows":177,"n_cols":18,"rows_kept":177,"hidden":true,"merged":[[0,0,0,7],[1,0,1,7],[2,0,2,7],[3,0,4,0],[3,1,4,1],[3,2,4,2],[3,3,4,3],[3,4,4,4],[3,5,4,5],[3,6,4,6],[56,0,56,6],[57,0,57,7],[58,0,58,7],[59,0,59,7],[60,0,61,0],[60,1,61,1],[60,2,61,2],[60,3,61,3],[60,4,61,4],[60,5,61,5],[60,6,61,6],[118,0,118,6],[119,0,119,7],[120,0,120,7],[121,0,121,7],[122,0,123,0],[122,1,123,1],[122,2,123,2],[122,3,123,3],[122,4,123,4],[122,5,123,5],[122,6,123,6],[176,0,176,6]]}
["TENDER FOR REFURBISHMENT OF TWO MAGALIES RESERVOIRS"]
["CONTRACT NO: "]
["SERIES 6: ROADS & PARKING AREAS"]
["Number","REF","LIC","Item Description","Unit","Quantity","Rate","Amount"]
[{"$nulls":7},"R"]
[{"$nulls":3},"SECTION 601 : GRAVEL PAVEMENT LAYERS"]
[{"$nulls":9},200]
[6.1,null,null,"Preparation and compaction of in situ subgrade material to -",{"$nulls":5},{"$f":"($J$7*3.1)+(5*5)","v":645},{"$f":"(20*3.3)+(5*5)","v":91},{"$f":"($J$7*3.5)+(5*5)","v":725},null,{"$f":"($J$7*3.8)+(5*5)","v":785},null,{"$f":"($J$7*4.1)+(5*5)","v":844.9999999999999},null,{"$f":"($J$7*4.4)+(5*5)","v":905.0000000000001}]
[{"$nulls":9},{"$f":"J8*3","v":1935},{"$f":"K8*3","v":273},{"$f":"L8*3","v":2175},null,{"$f":"N8*3","v":2355},null,{"$f":"P8*3","v":2534.9999999999995},null,{"$f":"R8*3","v":2715.0000000000005}]
["6.1.1","601.01.02",null,"93% of modified AASHTO density","m³",272,{"v":45,"d":"45.00"},{"$f":"G10*F10","v":{"v":12240,"d":"R12,240.00"}}]
[]
[6.2,601.02,null,"Gravel layers constructed from material obtained from borrow pits:"]
[]
["6.2.1","601.02.03",null,"Base"]
[]
["6.2.1.1","601.02.03.01",null,"Compacted to 98% of density","m³",190,{"v":90,"d":"90.00"},{"$f":"G16*F16","v":{"v":17100,"d":"R17,100.00"}}]
[]
[6.3,601.03,null,"Gravel layers constructed from material obtained from excavations:"]
[]
[null,"601.03.01",null,"Subgrade"]
[]
["6.3.1","601.03.01.02",null,"Compacted to 93% of Modified AASHTO density","m³",177,{"v":60,"d":"60.00"},{"$f":"G22*F22","v":{"v":10620,"d":"R10,620.00"}}]
[]
[null,"601.03.02",null,"Subbase"]
[]
["6.3.2","601.03.02.01",null,"Compacted to 95% of Modified AASHTO density","m³",162,{"v":75,"d":"75.00"},{"$f":"G26*F26","v":{"v":12150,"d":"R12,150.00"}}]
[]
[6.4,601.06,null,"Extra over Item 601.02 for borrow material from sources to be supplied by the Contractor"]
[]
["6.4.1","601.06.01",null,"Base layer G5 imported material from commercial source measured in final position of compaction including haul)","m³",21,{"v":165,"d":"165.00"},{"$f":"G30*F30","v":{"v":3465,"d":"R3,465.00"}}]
{"$rows_empty":26}
["Total Carried Forward To Summary",{"$nulls":6},{"$f":"SUM(H6:H56)","v":{"v":55575,"d":"R55,575.00"}}]
[{"$f":"A1","v":"TENDER FOR REFURBISHMENT OF TWO MAGALIES RESERVOIRS"}]
["CONTRACT NO: "]
["SERIES 6: ROADS & PARKING AREAS"]
["Number","REF","LIC","Item Description","Unit","Quantity","Rate","Amount"]
[{"$nulls":7},"R"]
[{"$nulls":3},"SECTION 604 : STABILIZATION"]
[]
[6.5,604.01,null,"Chemical stabilization, extra over unstabilized compacted layers (base layer)","m³",145,{"v":135,"d":"135.00"},{"$f":"G65*F65","v":{"v":19575,"d":"R19,575.00"}}]
[]
[null,604.02,null,"Chemical stabilizing agent"]
[]
["6.5.1","604.02.01",null,"Cement","t",1,{"v":1850,"d":"1,850.00"},{"$f":"G69*F69","v":{"v":1850,"d":"R1,850.00"}}]
[]
[6.6,604.03,null,"Mechanical modification, extra over untreated layer","m³",{"v":2.5,"d":"3"},{"v":92.5,"d":"92.50"},{"$f":"G71*F71","v":{"v":231.25,"d":"R231.25"}}]
{"$rows_empty":47}
["Total Carried Forward To Summary",{"$nulls":6},{"$f":"SUM(H63:H118)","v":{"v":21656.25,"d":"R21,656.25"}}]
[{"$f":"A58","v":"TENDER FOR REFURBISHMENT OF TWO MAGALIES RESERVOIRS"}]
["CONTRACT NO: "]
["SERIES 6: ROADS & PARKING AREAS"]
["Number","REF","LIC","Item Description","Unit","Quantity","Rate","Amount"]
[{"$nulls":7},"R"]
[{"$nulls":3},"SECTION 609 : SEGMENTED PAVING"]
[]
[6.7,609.01,null,"Construction of segmental block paving made from -"]
[]
["6.7.1","609.01.01","LI","New 80mm grey interlocking paving blocks type SA, SANS 1058:2012 precast laid on and including 20mm river sand bedding, compacted and plaster sand broomed into joints and vibrated untill joints is saturated","m²",5500,{"v":295,"d":"295.00"},{"$f":"F129*G129","v":{"v":1622500,"d":"R1,622,500.00"}}]
[]
[6.8,609.03,null,"The construction of edge restraints with"]
[]
["6.8.1","609.03.01","LI","Precast concrete ( Fig 12 Kerb SANS 927 1.0m long sections installed as edge beams )","m",200,{"v":145,"d":"145.00"},{"$f":"F133*G133","v":{"v":29000,"d":"R29,000.00"}}]
[]
["6.8.2","609.03.02","LI","In situ concrete transition 25Mpa cast 200mm wide x 200mm deep, wood float on top, angle rounded edges)","m",200,{"v":175,"d":"175.00"},{"$f":"F135*G135","v":{"v":35000,"d":"R35,000.00"}}]
{"$rows_empty":41}
["Total Carried Forward To Summary",{"$nulls":6},{"$f":"SUM(H125:H176)","v":{"v":1686500,"d":"R1,686,500.00"}}]

{"sheet":"Series 7 - Structures","index":6,"n_rows":308,"n_cols":10,"rows_kept":308,"merged":[[0,0,0,7],[1,0,1,7],[2,0,2,7],[3,0,4,0],[3,1,4,1],[3,2,4,2],[3,3,4,3],[3,4,4,4],[3,5,4,5],[3,6,4,6],[49,0,50,0],[49,1,50,1],[49,2,50,2],[49,3,50,3],[49,4,50,4],[49,5,50,5],[49,6,50,6],[49,7,50,7],[62,0,62,6],[63,0,63,7],[64,0,64,7],[65,0,65,7],[66,0,67,0],[66,1,67,1],[66,2,67,2],[66,3,67,3],[66,4,67,4],[66,5,67,5],[66,6,67,6],[134,0,134,6],[135,0,135,7],[136,0,136,7],[137,0,137,7],[138,0,139,0],[138,1,139,1],[138,2,139,2],[138,3,139,3],[138,4,139,4],[138,5,139,5],[138,6,139,6],[173,0,173,6],[174,0,174,7],[175,0,175,7],[176,0,176,7],[177,0,178,0],[177,1,178,1],[177,2,178,2],[177,3,178,3],[177,4,178,4],[177,5,178,5],[177,6,178,6],[237,0,237,6],[238,0,238,7],[239,0,239,7],[240,0,240,7],[241,0,242,0],[241,1,242,1],[241,2,242,2],[241,3,242,3],[241,4,242,4],[241,5,242,5],[241,6,242,6],[262,0,262,6],[263,0,263,7],[264,0,264,7],[265,0,265,7],[266,0,267,0],[266,1,267,1],[266,2,267,2],[266,3,267,3],[266,4,267,4],[266,5,267,5],[266,6,267,6],[307,0,307,6]]}
["TENDER FOR REFURBISHMENT OF MAGALIES RESERVOIR"]
["CONTRACT NO: WSBU 05 2026/27"]
["SERIES 7A: STRUCTURES"]
["Number","REF","LIC","Item Description","Unit","Quantity","Rate","Amount"]
[{"$nulls":7},"R"]
[{"$nulls":3},"SECTION A : REFURBISHMENT OF MAGALIES  RESERVOIR (15ML) "]
[]
[{"$nulls":3},"SECTION 701 : FOUNDATIONS FOR STRUCTURES"]
[]
[7.1,701.02,null,"Excavation for structures"]
[]
["7.1.1","701.02.01",null,"Excavation of soft material situated in the following depth ranges:"]
[]
["7.2.1.1","701.02.01.01",null,"0 m up to 2 m"]
[]
["7.1.1.1.1",null,"LIC","(i) Reservoir Column Padfooting  (2,5x2,5) ( No off =8)","m³",{"v":40,"d":"40.0"}]
[]
["7.1.1.1.2","701.02.02",null,"Extra over subitem 701.02.01 for excavation in hard material irrespective of depth","m³",{"v":25,"d":"25.0"}]
[]
["7.1.1.1.3","701.02.03",null,"Extra over subitem 701.02.01 for additional excavation required by the Engineer after the excavation has been completed           ","m³",{"v":5,"d":"5.0"}]
[]
[]
[7.2,701.05,null,"Backfill to excavations utilizing -"]
[]
[null,"701.05.01",null,"Material from the excavation compacted to"]
[]
[null,"701.05.01.02",null,"93% of modified AASHTO density"]
[]
["7.2.1",null,null,"(i) Reservoir Apron slab and V drain ","m³",{"v":50,"d":"50.0"}]
[]
[null,"701.05.01.03",null,"96% of modified AASHTO density"]
[]
["7.2.2",null,null,"(i) Reservoir Apron slab and V drain ","m³",1]
[]
[7.3,701.07,null,"Foundation fill consisting of"]
[]
["7.3.1","701.07.03",null,"Compacted granular material (G5 and G3 ) ","m³",15]
[]
["7.3.2","701.07.04",null,"Mass Concrete Class 15/19"]
[{"$nulls":3},"(i) Reservoir Foundation ","m³",15]
[]
[7.4,"701.07.05",null,"75 mm thick blinding layer, class 15/19 concrete"]
[]
["7.4.1",null,null,"(i) Reservoir Column Padfooting ","m³",4]
[]
["7.4.2",null,null,"(ii) Reservoir Apron slab and V drain ","m³",24]
[]
[7.5,701.13,null,"Foundation lining"]
[]
["7.5.1.1",null,null,"250 Micron Polyethylene sheeting under "]
[]
[]
["7.5.1.1.1",null,null,"(i) Reservoir Column Padfooting ","m2",50]
[]
["7.5.1.1.2",null,null,"(ii) Reservoir Apron slab and V drain ","m2",312]
[]
[7.6,null,null,"Standard removable panel (precast) to City of Tshwane specification DWG7515-VC207, 490 mm x 200 mm with chamfers & 2 x 50 mm lifting hole 500 mm from each end"]
[]
[{"v":7.7,"d":"7.70"},null,null,"Demolition of existing surface bed"]
[]
["7.7.1","Part C3.5 , C3.5.1.4.1 Clause B701.14 ",null,"Demolition and Removal of Existing Surface Bed ","m³",{"v":135,"d":"135.0"}]
[]
["Total Carried Forward To Summary"]
[{"$f":"A1","v":"TENDER FOR REFURBISHMENT OF MAGALIES RESERVOIR"}]
[{"$f":"A2","v":"CONTRACT NO: WSBU 05 2026/27"}]
[{"$f":"A3","v":"SERIES 7A: STRUCTURES"}]
["Number","REF","LIC","Item Description","Unit","Quantity","Rate","Amount"]
[{"$nulls":7},"R"]
[{"$nulls":3},"SECTION 702 : FALSEWORK, FORMWORK AND CONCRETE FINISH"]
[]
[7.8,702.01,null,"Formwork class F1 surface finish"]
[]
["7.8.1","702.01.01",null,"Single-surface formwork"]
[]
["7.8.1.1","702.01.01.01",null,"Plane, horizontal","m²",5]
[]
["7.8.1.2","702.01.01.03",null,"Plane, vertical Sides ","m²",5]
[]
["7.8.1.3","702.01.01.05",null,"Curved, conical (min and max radii given)","m²",5]
[]
[null,"702,01.02",null,"Shuttering"]
[]
[null,"702,01.02.01",null,"Horizontal smooth"]
[]
["7.8.1.4","702,01.02.01.01",null,"Res 1 Inlet box","m²",4]
[]
["7.8.1.5","702,01.02.01.02",null,"Res 2 Inlet box","m²",5]
[]
["7.8.1.6","702,01.02.01.03",null,"Res 3 Inlet box","m²",4]
[]
[{"$nulls":3},"Vertical smooth (200 mm wide)"]
[]
[]
["7.8.2","702.01.03.01",null,"Beam 1 (600x1200), Beam 2 (300x1200 soffits"]
[]
["7.8.2.1",null,null,"(i) Elevated RC Beam 1  LVL +7,63m (1no off)","m²",31]
[]
["7.8.2.2",null,null,"(ii) Elevated RC Beam 2  LVL +8,3m (1no off)","m²",42.9]
[]
["7.8.3","702.01.03.02",null,"Beam 1 (600x1200),Beam 2 (300x1200) sides"]
[]
["7.8.3.1",null,null,"(i) Elevated RC Beam 1 LVL +7,63m (1no off)","m²",122.4]
[]
["7.8.3.2",null,null,"(ii) Elevated RC Beam 2  LVL +8,3m (1no off)","m²",343.2]
[]
["7.8.4","702.01.04",null,"Columns "]
[]
[{"$nulls":3},"Round Ø 600"]
[]
["7.8.4.1","702.01.04.03",null,"(i) RC Columns (Ø 600) No off 8","m²",18]
[{"$nulls":3},"(Lvl 0,0m to 7,63m)"]
[]
[{"$nulls":3},"MAGALIES VALVE CHAMBERS"]
[{"$nulls":3},"New Concrete work - Existing Inlet Valve Boxes"]
[]
[]
[{"v":7.9,"d":"7.90"},702.02,null,"Formwork class F2 surface finish"]
[]
[null,"702.02.01",null,"Single-surface formwork"]
[{"$nulls":3},"Beam 1 Radial Rad= 7,7m and Rad = 8,3m"]
[{"$nulls":3},"Beam 2 Radial Rad= 23,05m and Rad = 23,35m"]
[]
[null,"702,02.02.03",null,"Vertical smooth (200 mm wide)"]
[]
["7.9.2.1","702,02.02.03.01",null,"Res 1 Inlet box","m²",2.9]
[]
["7.9.2.2","702,02.02.03.02",null,"Res 2 Inlet box","m²",3.1]
[]
["7.9.2.4","702,02.02.03.03",null,"Res 3 Inlet box","m²",2.9]
[]
[]
[]
[]
[]
["Total Carried Forward To Summary"]
[{"$f":"A1","v":"TENDER FOR REFURBISHMENT OF MAGALIES RESERVOIR"}]
[{"$f":"A2","v":"CONTRACT NO: WSBU 05 2026/27"}]
[{"$f":"A3","v":"SERIES 7A: STRUCTURES"}]
["Number","REF","LIC","Item Description","Unit","Quantity","Rate","Amount"]
[{"$nulls":7},"R"]
[{"$nulls":3},"SECTION 703: STEEL REINFORCEMENT FOR STRUCTURES"]
[{"v":7.1,"d":"7.10"},703.03,null,"Welded steel fabric for -"]
[]
["7.10.1","703.03.01",null,"(i) Reservoir apron slab/Vdrain "]
[{"$nulls":3},"Mesh Ref 193","kg",602.2]
[]
[7.11,703.04,null,"Reinforcement  for Reservoir "]
[null,"703.04.02",null,"High-yield-stress steel"]
[]
["7.11.1","Part C3.5 , C3.5.1.4.1 Clause B703.04.02.02.01",null,"Reservoir - RC Column Padfooting (Various Bars 10mm - 32mm)","t",6]
[]
["7.11.2","Part C3.5 , C3.5.1.4.1 Clause B703.04.02.02.02",null,"Reservoir - RC Elevated Beam (Various Bars 10mm - 32mm)","t",4.1]
[]
["7.11.3","Part C3.5 , C3.5.1.4.1 Clause B703.04.02.02.03",null,"Reservoir - RC Column - Various Bars 10mm - 32mm","t",{"v":7,"d":"7.00"}]
[]
[]
[7.12,null,null,"Y - Reinforcing"]
[]
["7.12.1","Part C3.5 , C3.5.1.4.1 Clause B703.04.02.02.04",null,"High tensile steel in slabs ","t",0.5]
[]
["7.12.2","Part C3.5 , C3.5.1.4.1 Clause B703.04.02.02.05",null,"High tensile in precast sections","kg",210]
{"$rows_empty":12}
["Total Carried Forward To Summary",{"$nulls":6},{"$f":"SUM(H141:H173)","v":0}]
[{"$f":"A1","v":"TENDER FOR REFURBISHMENT OF MAGALIES RESERVOIR"}]
[{"$f":"A2","v":"CONTRACT NO: WSBU 05 2026/27"}]
[{"$f":"A3","v":"SERIES 7A: STRUCTURES"}]
["Number","REF","LIC","Item Description","Unit","Quantity","Rate","Amount"]
[{"$nulls":7},"R"]
[{"$nulls":3},"SECTION 704 : CONCRETE"]
[]
[7.13,704.01,null,"Cast in Situ Concrete-Reservoir "]
[]
["7.13.1","704.01.01",null,"RC Column Padfooting "]
[{"$nulls":3},"Class 30 Mpa/19mm stone ","m³",30]
["7.13.2","704.01.02",null,"RC Elevated  Beam 1+2"]
[{"$nulls":3},"Class 30 Mpa/19mm stone","m³",88]
["7.13.3","704.01.03",null,"RC Column "]
[{"$nulls":3},"Class 30 Mpa/19mm stone ","m³",18]
["7.13.4","704.01.04",null," Apron / V-drain "]
[{"$nulls":3},"Class 25 Mpa/19mm stone ","m³",46.2]
[]
[null,"704.01.05",null,"Roof Slab"]
[]
[null,"704.01.05.01",null,"Res 1 - 35/19 Mpa concrete,  2 x slabs with airvents,  1 with secure lid ","m³",1.1]
[]
[null,"704.01.05.02",null,"Res 2 - 35/19 Mpa concrete,  2 x slabs with airvents,  1 with secure lid ","m³",1.3]
[]
[null,"704.01.05.03",null,"Res 3 - 35/19 Mpa concrete,  2 x slabs with airvents,  1 with secure lid ","m³",1.1]
[]
[7.14,704.02,null,"Manufacture  of precast members"]
[]
["7.14.1","Part C3.5 , C3.5.1.4.1 Clause B704.02.01",null,"(i) Precast concrete slabs: 170 mm thick precast reinforced concrete slabs, cut to required lengths in accordance with the drawings, complying with SANS 10100 (structural concrete) and SANS 1200 GE/GA and/or equivalent approved standards. Supply, transport, handling, cranage and installation shall be included, with all labour and equipment necessary for placement at the reservoir. Contractor shall provide a detailed slab layout design and drawings by a competent Professional Engineer for review and approval by the Engineer prior to manufacture and installation.","m2",1548]
[]
[null,"704,02.02",null,"Standard removable panel (precast) to City of Tshwane specification 7515 - VC (207 etc), 490 mm x 200 mm with chamfers & 2 x 50 mm lifting hole 500 mm from each end"]
[]
[null,"704,02.02.01",null,"1) 2400 long","no",4]
[]
[null,"704,02.02.02",null,"2) 2500 long","no",2]
[]
[7.15,"Part C3.5 , C3.5.1.4.1 Clause\nB704.03",null,"Transportation and erection of other precast concrete members ","m³",264,{"$nulls":3},"area * 0,17m thickness"]
[]
["7.15.1",704.04,null,"Epoxy bonding of new concrete surfaces to old. Existing column surface to new column overlay.","m2",2.5]
[]
[7.16,"704.05",null,"Cast in situ no-fines concrete"]
[]
["7.16.1","704.05.01",null,"(Class of no-fines concrete and portion of structure or use indicated)","m³",20]
[]
[null,"704.06",null,"Precast in situ no-fines concrete"]
[]
[7.17,704.07,null,"Design of concrete mixes by a specialist organization approved by the Engineer","Prov Sum",1,{"v":25000,"d":"25,000.00"},{"$f":"G221*F221","v":{"v":25000,"d":"R25,000.00"}}]
[]
["7.17.1","704.07.01",null,"Charges required by the Contractor on subitem  704.07 above (limit to maximum of 10%)","%",{"$f":"H221","v":{"v":25000,"d":"25,000.00"}}]
[]
[7.18,"Part C3.5 , C3.5.1.4.1 Clause B704.08 ",null,"Structural concrete patch repair (EN 1504 / SANS 2001-CC1)"]
["7.18.1","Part C3.5 , C3.5.1.4.1 Clause B704.08.01 ",null,"Structural patch repair, 10–25 mm thick ","m²",50]
["7.18.2","Part C3.5 , C3.5.1.4.1 Clause B704.08.02",null,"Structural patch repair, >25–50 mm thick ","m²",50]
["7.18.3","Part C3.5 , C3.5.1.4.1 Clause B704.08.03",null,"Structural patch repair, >50 mm thick ","m²",25]
["7.18.4","Part C3.5 , C3.5.1.4.1 Clause B704.08.04",null,"Bulk breakout and deep repair/recast ","m²",25]
[]
[7.19,"Part C3.5 , C3.5.1.4.1 Clause B704.09",null,"Local steel treatment and cover reinstatement (small diagnostic/spot repairs)"]
["7.19.1","Part C3.5 , C3.5.1.4.1 Clause B704.09.01",null,"Local steel treatment and cover reinstatement, per location up to 100 × 100 mm ","No.",12.5]
["7.19.2","Part C3.5 , C3.5.1.4.1 Clause B704.09.02",null,"Local steel treatment and cover reinstatement, per location >100 × 100 mm up to 200 × 200 mm ","No.",12.5]
[]
[]
[{"v":7.2,"d":"7.20"},"Part C3.5 , C3.5.1.4.1 Clause B704.10",null,"Epoxy grout mix for leveling of walls after removal of existing top slabs (± 50 mm thick)","m³",0.4]
[]
["Total Carried Forward To Summary"]
[{"$f":"A1","v":"TENDER FOR REFURBISHMENT OF MAGALIES RESERVOIR"}]
[{"$f":"A2","v":"CONTRACT NO: WSBU 05 2026/27"}]
[{"$f":"A3","v":"SERIES 7A: STRUCTURES"}]
["Number","REF","LIC","Item Description","Unit","Quantity","Rate","Amount"]
[{"$nulls":7},"R"]
[{"$nulls":3},"SECTION 706 : JOINTS IN STRUCTURES"]
[]
[7.21,null,null,"Floor Joints Refurbishment / existing"]
[]
["7.21.1","Part C3.5 , C3.5.1.4.1 Clause B706.07 .01",null,"Remove and clean out existing joints by raking and properly dispose of all resulting materials. Cup grinding alongside the joints to suit bandage with +20% install backing cord, followed by a high-performance polysulphide joint sealant to accommodate existing joint dimensions. Cup grinding is to be performed alongside the joints to accommodate high-performance waterproof sealing FPO bandage, with an additional 20% over the bandage width.","m",430]
[]
["7.21.2","Part C3.5 , C3.5.1.4.1 Clause B706.07 .02",null,"Supply and install Joint sealing: Flexible FPO (flexible polyolefin) waterproofing joint bandage with reinforced edges, compatible with thermoplastic and cementitious waterproofing systems, complying with EN 13956 and/or equivalent approved standard. Bandage shall provide durable watertight sealing and movement accommodation at joints, cracks, and penetrations, and be installed by heat welding or embedding in accordance with the manufacturer’s instructions. Product shall be approved by the Engineer, supported by technical datasheets and compliance certification (width = 300mm, thickness = 2mm). The bandage is to be adhered using a high-performance epoxy-based adhesive suitable for structural waterproofing applications. (Slab to Slab interface) complete with all surface preparation, consumables (masking tape, solvent cleaner, rollers, mixing tools, and protection sheeting), protection and making good, all as specified and as directed by the Engineer.","m",430]
[]
["7.21.3","Part C3.5 , C3.5.1.4.1 Clause B706.07 .03",null,"Supply and Install Joint sealing: Flexible FPO (flexible polyolefin) waterproofing joint bandage with reinforced edges, compatible with thermoplastic and cementitious waterproofing systems, complying with EN 13956 and/or equivalent approved standard. Bandage shall provide durable watertight sealing and movement accommodation at joints, cracks, and penetrations, and be installed by heat welding or embedding in accordance with the manufacturer’s instructions. Product shall be approved by the Engineer, supported by technical datasheets and compliance certification (width = 400mm, thickness = 2mm) with a 45-degree chamfer. The corner fillet should be made of high-density polyethylene and secured to both wall and slab surfaces following the manufacturer's specifications. Alternatively, a 50x50 mortar chamfer (compressive strength Fcu = 20MPa) may be installed along wall and floor interfaces behind the bandage. The bandage is to be adhered using a high-performance epoxy-based adhesive suitable for structural waterproofing applications. (Wall to Slab interface)  ","m",150]
[]
[7.22,706.02,null,"Installation of proprietary expansion joints"]
[]
["7.22.1","706.02.01",null,"New expansion Joints - Around Padfootings: Joints on vertical walls (including scaffolding) to be scarified and sealed with a new high-performance joint-sealing system consisting of a flexible polyolefin waterproofing tape, polysulphide joint sealant bandage strips, and a high-performance epoxy adhesive system suitable for structural waterproofing applications or an equivalent approved system","m",80]
[]
["7.22.2","706.02.02",null,"New Floor Joints - Foundations: Make cuts in the existing concrete floor slab to allow for new reinforced concrete column foundations; remove the resulting slab debris and treat exposed rebar along the cut faces with a crystalline waterproofing slurry treatment.\nCup grinding is to be performed alongside the joints to accommodate high-performance waterproof sealing FPO bandage, with an additional 20% over the bandage width.\nInstall a self-adhesive swellable waterstop strip (Level 2 detail).\nApply a flexible FPO joint bandage (width = 400mm, thickness = 2mm) with a 45-degree chamfer. The corner fillet should be made of high-density polyethylene and secured to both wall and slab surfaces following the manufacturer's specifications. Alternatively, a 50x50 mortar chamfer (compressive strength Fcu = 20MPa) may be installed along wall and floor interfaces behind the bandage. The bandage is to be adhered using a high-performance epoxy-based adhesive suitable for structural waterproofing applications. Flexible FPO joint bandage should be heat welded at all joints as per manufacturer specifications.","m",80]
[]
[]
[]
[]
["Total Carried Forward To Summary"]
[{"$f":"A239","v":"TENDER FOR REFURBISHMENT OF MAGALIES RESERVOIR"}]
[{"$f":"A240","v":"CONTRACT NO: WSBU 05 2026/27"}]
["SERIES 7A: STRUCTURES"]
["Number","REF","LIC","Item Description","Unit","Quantity","Rate","Amount"]
[{"$nulls":7},"R"]
[{"$nulls":3},"SECTION 708: RC WALLS and RC FLOOR SEALING/TREATMENT"]
[]
[7.23,"B708.01",null,"Internal RC walls and floor sealing/treatment"]
[]
["7.23.1","Part C3.5 , C3.5.1.4.1 Clause B708.01.01",null,"Supply and Install a single slurry coat of One-component, polymer-modified cementitious (mineral-based) waterproofing slurry complying with EN 14891 (Class CM) and/or equivalent approved standard, suitable for concrete and masonry and resistant to hydrostatic pressure. Apply at a minimum rate of 1.2 kg/m² in accordance with the manufacturer’s instructions to achieve a minimum dry film thickness (DFT) of 1 mm. Product shall have proven performance for positive-side waterproofing and be approved by the Engineer, supported by technical datasheets and compliance certification. (One component mineral-based waterproof slurry) at 1.2 kg/m² (min DFT < 1 mm) per the data sheet, then apply a flexible, highly durable two-component polymer-modified cementitious waterproofing coating suitable for heavy-duty waterproofing applications at approximately 3.5 kg/m² (min DFT of 2.0 mm) as instructed (or similar approved).","m2",3050]
[]
[7.24,"B708.02",null,"External Reservoir RC Walls Sealing /Treatment: "]
[]
["7.24.1","Part C3.5 , C3.5.1.4.1 Clause B708.02.01",null,"Supply and Install a single slurry coat of One-component, polymer-modified cementitious (mineral-based) waterproofing slurry complying with EN 14891 (Class CM) and/or equivalent approved standard, suitable for concrete and masonry and resistant to hydrostatic pressure. Apply at a minimum rate of 1.2 kg/m² in accordance with the manufacturer’s instructions to achieve a minimum dry film thickness (DFT) of 1 mm. Product shall have proven performance for positive-side waterproofing and be approved by the Engineer, supported by technical datasheets and compliance certification. (One component mineral-based waterproof slurry) at 1.2kg/m² (min DFT < 1mm) per the Data Sheet","m2",1500]
[]
[7.25,"B708.03",null,"Roof Waterproofing Membrane: "]
[]
["7.25.1","Part C3.5 , C3.5.1.4.1 Clause B708.03.01",null,"Supply and Install Waterproofing membrane: Reinforced thermoplastic polyolefin (TPO) membrane, minimum thickness 1.5 mm, complying with EN 13956 and/or equivalent approved standard, UV-stabilised and suitable for exposed roofing applications. Membrane shall be heat-weldable with factory-reinforced scrim and installed as a complete system, including compatible accessories, by mechanical fastening or full adhesion as detailed. Product shall be approved by the Engineer, supported by technical datasheets, compliance certification, and a minimum 10-year system warranty.(1.5mm). Weld all joints per manufacturer’s specifications, including details for vents, upstands, openings, and terminations.","m2",1600]
{"$rows_empty":26}
["Total Carried Forward To Summary"]

{"sheet":"Series 8 - Specific Works","index":7,"n_rows":282,"n_cols":18,"rows_kept":282,"merged":[[0,0,0,7],[1,0,1,7],[2,0,2,7],[3,0,4,0],[3,1,4,1],[3,2,4,2],[46,0,46,6],[47,0,47,7],[48,0,48,7],[49,0,49,7],[50,0,51,0],[50,1,51,1],[50,2,51,2],[90,0,90,6],[91,0,91,7],[92,0,92,7],[93,0,93,7],[94,0,95,0],[94,1,95,1],[94,2,95,2],[173,0,173,6],[174,0,174,7],[175,0,175,7],[176,0,176,7],[177,0,178,0],[177,1,178,1],[177,2,178,2],[234,0,234,6]]}
["TENDER FOR REFURBISHMENT OF MAGALIES RESERVOIR"]
["CONTRACT NO: WSBU 05 2026/27"]
["SERIES 8: SPECIFIC WORKS"]
["Number","REF","LIC","Item Description","Unit","Quantity","Rate","Amount"]
[{"$nulls":7},"R"]
[{"$nulls":3},"SECTION 801 : CONCRETE RESERVOIR"]
[null,801.03,null,"Miscellaneous items -"]
[]
[null,"801.03.03",null,"Measured by area"]
[8.1,"Part C3.5 , C3.5.1.4.1 Clause B801.03.03.01 ",null,"Reservoir Roof Polyurea waterproofing high-performance spray-on waterproofing system ~2,10 kg/m² at 2 mm thick.","m²",1600]
[]
[null,"801.03.04",null,"Measured by volume"]
[8.2,"Part C3.5 , C3.5.1.4.1 Clause 801.03.04.03",null,"Specialist cutting of concrete dome structure, including compliance to all OHS requirements, provision of labour,supervision, equipement (cutting tools), removal  and transportation concrete debri off-site for disposal.","m³",316]
[]
[null,"801.03.05",null,"Tendered for in a lump sum"]
[8.3,"Part C3.5 , C3.5.1.4.1 Clause B801.03.05.01 ",null,"Prop existing roofslab during specialist cutting of concrete dome structure including providing of complete covering of a crash decking while cutting and disposing of degrated concrete dome structure, includes design, signed of approval drawings prior to installation, all labour, transport cost, supply, erection and removal."]
["8.3.1",null,null,"i) Reservoir ","Lump Sum",1]
[]
[8.4,"Part C3.5 , C3.5.1.4.1 Clause B801.03.05.02",null,"Design, supply and install and remove working platforms inside and outside of the reservoir structure up to roof slab soffit height. Includes supply of approved drawings prior to installation, all labour and transportation cost."]
["8.4.1",null,null,"i) Reservoir ","Lump Sum",1]
[]
[8.5,"Part C3.5 , C3.5.1.4.1 Clause B801.03.05.03 ",null,"Provision of trained labour and safe access systems necessary for execution of the works, in accordance with project safety requirements","Lump sum","1.0",null,null,"check sum vs lump sump"]
[]
[null,"Part C3.5 , C3.5.1.4.1 Clause 801.03.06",null,"Tendered for in Provisional (PC) sum"]
[]
[8.6,"Part C3.5 , C3.5.1.4.1 Clause B801.03.06.01.01",null,"(a) Prop new roofslab including the design, supply and installation of the prop scafolding."]
[]
["8.6.1",null,null," Reservoir ","Prov Sum",1,782100,{"$f":"G28*F28","v":{"v":782100,"d":"R782,100.00"}}]
[]
[8.7,"Part C3.5 , C3.5.1.4.1 Clause B801.03.06.01.02",null,"(b) Charges required by the Contractor on subitem B801.03.06.01 (a) i) Reservoir above (limit to maximum of 10%)","%",{"$f":"H28","v":{"v":782100,"d":"R782,100.00"}}]
[]
[{"$nulls":3},"Provisional item (to be expended only on the Engineer’s written instruction)"]
[8.8,"Part C3.5 , C3.5.1.4.1 Clause B801.03.06.02 ",null,"External reservoir waterproofing–polymer-modified cementitious-Elastromeric Two-component polymer modified cementitious waterproofing coating  applied to outside surface of reservoir including surface preparation, supply of materials, labour and scaffolding complete.","m²",1200]
[]
[8.9,801.04,null,"Sterilization of one reservoir","Lump Sum",1]
[]
[{"v":8.1,"d":"8.10"},801.05,null,"Testing  reservoir for watertightness","Lump Sum",1]
[]
[null,"B801.06 ",null,"High pressure water blasting "]
[]
[8.11,"Part C3.5 , C3.5.1.4.1 Clause B801.06.01",null,"High pressure water blasting of the entire concrete surfaces e.g. inside and outside reservoir walls and floors using a minimum 250 bar pressure blaster to remove concrete laitance and to open up the surface microstructure. Start pressure blasting from the top working downwards. Mechanical abrasion (cup grinder) may be required in some instances to yield an open capillary surface to CSP-3 profile. Thoroughly inspect the parent concrete for all concrete defects: cracks, failed construction joints, honeycombing, spalling, leaking tie holes etc. Repair the above-mentioned defects as per respective crystalline waterproofing system method statement & drawings and method statements applicable.If the substrate surface is deteriorated, pre-dampen surfaces and apply a single slurry coat of a single-component mineral-based waterproofing slurry at 1.2 kg/m² per data sheet instructions. Pre-dampen the surface and apply a two-component polymer-modified cementitious waterproofing coating suitable for heavy-duty waterproofing applications at ±3.5 kg/m² as per data sheet instructions. Joint waterproofing tape system for non-moving joints shall be utilised; movement joint waterproofing tape system for moving joints and heavy-duty exposure shall be used. Apply second and possibly a third coat of the two-component polymer-modified cementitious waterproofing coating to achieve a total applied rate of 3.5 kg/m² (2 mm DFT) at the inside walls. The single-component mineral-based waterproofing slurry is to be utilised to seal outside wall areas of reservoirs. This item includes the provision of water supply and electricity and internal lighting, generator etc.","m2",4500]
[]
["8.11.1","Part C3.5 , C3.5.1.4.1 Clause B801.06.01",null,"Extra over Item on  B801.06 above for any concrete repaires required after the High pressure water blasting.","Prov sum",1,{"v":125000,"d":"125,000.00"},{"$f":"G43*F43","v":{"v":125000,"d":"R125,000.00"}}]
[]
["8.11.2","Part C3.5 , C3.5.1.4.1 Clause B801.06.02 ",null,"Charges required by the Contractor on subitem  B801.06.01  above (limit to maximum of 10%)","%",{"v":125000,"d":"125,000.00"}]
[]
["Total Carried Forward To Summary"]
[{"$f":"A1","v":"TENDER FOR REFURBISHMENT OF MAGALIES RESERVOIR"}]
["CONTRACT NO: WSBU 05 2026/27"]
[{"$f":"A3","v":"SERIES 8: SPECIFIC WORKS"}]
["Number","REF","LIC","Item Description","Unit","Quantity","Rate","Amount"]
[{"$nulls":7},"R"]
[{"$nulls":3},"SECTION 805 : BUILDING WORK"]
[]
[{"$nulls":3},"MAGALIES VALVE CHAMBERS"]
[{"$nulls":3},"New Concrete work - Existing Inlet Valve Boxes"]
[]
[{"$nulls":3},"Valve Chamber- Reservoir 1"]
[]
[8.12,805.03,null,"Screw Lid access lid & frame  for Valve Chambers at Reservoirs 1, 2 and 3 – DWG 7515-VC223","no",3]
[]
[{"$nulls":3},"SECTION 806 : PAINTING"]
[]
[{"$nulls":3},"MAGALIES VALVE CHAMBERS"]
[{"$nulls":3},"New Concrete work - Existing Inlet Valve Boxes"]
[]
[8.13,806.03,null,"Wet to dry structural epoxy bonding agent for repairs and bonding","m²",7.5]
{"$rows_empty":23}
["Total Carried Forward To Summary",{"$nulls":6},{"$f":"SUM(H53:H90)","v":0}]
[{"$f":"A1","v":"TENDER FOR REFURBISHMENT OF MAGALIES RESERVOIR"}]
["CONTRACT NO: WSBU 05 2026/27"]
[{"$f":"A3","v":"SERIES 8: SPECIFIC WORKS"}]
["Number","REF","LIC","Item Description","Unit","Quantity","Rate","Amount"]
[{"$nulls":7},"R"]
[{"$nulls":3},"SECTION 809 : STRUCTURAL STEELWORK"]
[]
[{"$nulls":3},"Structural steel items"]
[]
[null,"809.01.01",null,"Measured by mass"]
[]
[8.14,"Part 3.5 , C3.5.1.4.1 Clause B809.01.01.01 ",null,"Structural steel work for new Roofs over as per drawings provided , galvanized and corrosion specification as per General Notes and Specifications . All Steel work Grading S355JR Including Bolts and gusses and endconnection plates anchore bolts etc ","t",115]
[]
[null,"809.01.04",null,"Measured by number"]
[]
[8.15,"Part 3.5 , C3.5.1.4.1 Clause B809.01.04.01",null,"Reservoir external ladder S355JR steelwork, Hot dipped galvanized","No",1]
[]
[8.16,"Part 3.5 , C3.5.1.4.1 Clause B809.01.04.02",null,"Reservoir internal ladder Stainless Steel grade 3046","No",1]
[]
[8.17,"Part 3.5 , C3.5.1.4.1 Clause B809.01.04.03",null,"Reservoir roof lockable manhole covers Hot dipped galvanized","No",2]
[]
[{"$nulls":3},"MAGALIES VALVE CHAMBERS"]
[{"$nulls":3},"Existing Inlet Valve Boxes"]
[{"$nulls":3},"Valve Chamber- Reservoir 1"]
[]
[8.18,"809,01,04",null,"a) SS ladder for Valve Chambers at Reservoirs 1, 2 and 3 - DWG 7515-VC222","no",3]
{"$rows_empty":56}
["Total Carried Forward To Summary",{"$nulls":6},{"$f":"SUM(H97:H173)","v":0}]
[{"$f":"A1","v":"TENDER FOR REFURBISHMENT OF MAGALIES RESERVOIR"}]
["CONTRACT NO: WSBU 05 2026/27"]
[{"$f":"A3","v":"SERIES 8: SPECIFIC WORKS"}]
["Number","REF","LIC","Item Description","Unit","Quantity","Rate","Amount"]
[{"$nulls":7},"R"]
[{"$nulls":3},"SECTION 810 : SPECIALIST TESTS AND STUDIES"]
[{"$nulls":3},"Specialist test and studies"]
[]
[8.19,"Part 3.5 , C3.5.1.4.1 Clause B810.01",null,"Concrete Diagnostic Investigation Including Scanning, Reporting and Drawings for Magalies Reservoirs"]
[]
[{"$nulls":3},"Full structural assessment of internal and external reinforced concrete surfaces, including:\n-Visual inspection and photographic documentation of all visible surface defects\n-Destructive testing, including core sampling and exposure of reinforcement to confirm concrete cover, rebar diameter, condition, and bond\n-Non-Destructive Testing (NDT), including, Ground Penetrating Radar (GPR) scanning, Ultrasonic Pulse Velocity Testing and Electrical Resistivity Testing\n-Infrared Thermography to detect subsurface delaminations, moisture ingress, and thermal anomalies\n-3D Laser Scanning (LiDAR or similar) to generate a dimensionally accurate as-built model of the reservoir and structural components\n-Structural Documentation and Reporting to include: Structural layout drawings (LOD350 or higher) of reinforced concrete elements, Defect mapping drawings showing locations, dimensions, and types of observed and detected defects, 3D model output in IFC or point cloud format, Investigation report, including all data, photos, scan results, test interpretations, conclusions, and repair recommendations\nThe following site requirements must be allowed for:\n-Access equipment, including scaffolding towers and safe working platforms\n-Power supply and lighting, including generator where required"]
[]
["8.19.1","Part 3.5 , C3.5.1.4.1 Clause B810.01.01 ",null,"Sub-items (Specialist tests and outputs)"]
[]
["8.19.1.1","B8.10.01.01.01",null,"Visual defect mapping & photographic log (internal & external RC surfaces)","m²",{"v":4500,"d":"4500.00"}]
["8.19.1.2","B8.10.01.010.2",null,"Concrete cores incl. reinstatement & SANAS lab tests (UCS, chloride, carbonation)","No.",{"v":12,"d":"12.00"}]
["8.19.1.3","B8.10.01.01.03",null,"Rebar exposure to confirm cover/diameter/condition and includes reinstatement of the concrete","m²",{"v":50,"d":"50.00"}]
["8.19.1.4","B8.10.01.01.04",null,"GPR scanning (cover mapping / delamination screening)","m²",{"v":2250,"d":"2250.00"}]
["8.19.1.5","B8.10.01.01.05",null,"Ultrasonic Pulse Velocity (UPV) tests","Point",{"v":300,"d":"300.00"}]
["8.19.1.6","B8.10.01.01.06",null,"Surface resistivity / half-cell corrosion potential tests","Point",{"v":300,"d":"300.00"}]
["8.19.1.7","B8.10.01.01.07",null,"Infrared thermography scan area (moisture/voids)","m²",{"v":2250,"d":"2250.00"}]
["8.19.1.8","B8.10.01.01.08",null,"Pull-off adhesion tests (where coatings are present / instructed)","No.",{"v":10,"d":"10.00"}]
["8.19.1.9","B8.10.01.01.09",null,"3D LiDAR scan & point cloud/IFC model ","Lump Sum",{"v":1,"d":"1.00"}]
["8.19.1.10","B8.10.01.01.10",null,"Structural documentation (LOD350+ drawings, defect maps, data tables) ","Lump Sum",{"v":1,"d":"1.00"}]
["8.19.1.11","B8.10.01.01.11",null,"Investigation report (methods, data, interpretations, repair recommendations) ","Lump Sum",{"v":1,"d":"1.00"}]
["8.19.1.12","B8.10.01.01.12",null,"Access equipment, power/lighting & scaffold/MEWP hire, tagging, supervision","Lump Sum",{"v":1,"d":"1.00"}]
[]
[]
[{"v":8.2,"d":"8.20"},"Part 3.5 , C3.5.1.4.1 Clause B810.02",null,"Comprehensive Geotechnical Investigation and Ground Improvement Design "]
[]
["8.20.1","Part 3.5 , C3.5.1.4.1 Clause 810.2.01 ",null,"Sub-items (Investigation, testing and design)"]
["8.20.1.1","B810.2.1.1",null,"Desk study & walk-over mapping","Lump Sum",1]
["8.20.1.2","B810.2.1.2",null,"DPSH to 10 m/refusal","No",4]
["8.20.1.3","B810.2.1,3",null,"Trial pits to 3 m/refusal (TLB) incl. backfill","No",4]
["8.20.1.4","B810.2.1,4",null,"DCP tests","No",6]
["8.20.1.5","B810.2.1.5",null,"NX cored boreholes (to 10 m or 3 m into rock)","m",20]
["8.20.1.6","B810.2.1.6",null,"SPT (at instructed depths)","No",12]
["8.20.1.7","B810.2.1.7",null,"Shelby tube (undisturbed)","No",2]
["8.20.1.8","B810.2.1.8",null,"Standpipe piezometer (install, develop, baseline)","No",2]
["8.20.1.9","B810.2.1.9",null,"Laboratory testing (SANAS; SANS 3001)"]
["8.20.1.9.1","B810.2.1.9.1",null,"(i) Moisture content","No",20]
["8.20.1.9.2","B810.2.1.9.2",null,"(ii) Particle size distribution","No",12]
["8.20.1.9.3","B810.2.1.9.3",null,"(iii) Atterberg limits","No",10]
["8.20.1.9.4","B810.2.1.9.4",null,"(iv) MDD/OMC (Proctor)","No",6]
["8.20.1.9.5","B810.2.1.9.5",null,"(v) Shear test (direct shear / triaxial – as instructed)","No",4]
["8.20.1.9.6","B810.2.1.9.6",null,"(vi) Oedometer (consolidation)","No",2]
["8.20.1.9.7","B810.2.1.9.7",null,"(vii) Chemical/corrosivity suite (SO₄, Cl⁻, pH, resistivity)","No",6]
["8.20.1.9.8","B810.2.1.9.8"]
[{"$nulls":3},"Groundwater monitoring visit","No.",2]
["8.20.1.11","B810.2.1,11",null,"Ground-improvement concept & detailed design ","Lump Sum",1]
["8.20.1.12","B810.2.1.12",null,"Geotechnical supervision visit (construction stage)","No.",4]
["8.20.1.13","B810.2.1,13",null,"Deliverables pack ","Lump Sum",1]
["8.20.1.14","B810.2.1,14",null,"Access & environmental controls ","Lump Sum",1]
[]
[]
[{"$nulls":14},"Prov sum","1.0",517500,{"$f":"Q230*P230","v":{"$error":"#VALUE!"}}]
[]
[]
[]
[]
["Total Carried Forward To Summary"]
{"$rows_empty":26}
[{"$nulls":17},"Amount (R)"]
[{"$nulls":17},{"v":140000,"d":"140,000"}]
[{"$nulls":17},{"v":46400,"d":"46,400"}]
[{"$nulls":17},{"v":124000,"d":"124,000"}]
[{"$nulls":17},{"v":26400,"d":"26,400"}]
[{"$nulls":17},{"v":90000,"d":"90,000"}]
[{"$nulls":17},{"v":38400,"d":"38,400"}]
[{"$nulls":17},{"v":9200,"d":"9,200"}]
[{"$nulls":17},{"v":60000,"d":"60,000"}]
[{"$nulls":17},{"v":10400,"d":"10,400"}]
[{"$nulls":17},{"v":21600,"d":"21,600"}]
[{"$nulls":17},{"v":19000,"d":"19,000"}]
[{"$nulls":17},{"v":22800,"d":"22,800"}]
[{"$nulls":17},{"v":41600,"d":"41,600"}]
[{"$nulls":17},{"v":24800,"d":"24,800"}]
[{"$nulls":17},{"v":14400,"d":"14,400"}]
[{"$nulls":17},{"v":10400,"d":"10,400"}]
[{"$nulls":17},{"v":330000,"d":"330,000"}]
[{"$nulls":17},{"v":68000,"d":"68,000"}]
[{"$nulls":17},{"v":110000,"d":"110,000"}]
[{"$nulls":17},{"v":90000,"d":"90,000"}]

{"sheet":"Series 9 - Quality Control","index":8,"n_rows":46,"n_cols":8,"rows_kept":46,"merged":[[0,0,0,7],[1,0,1,7],[2,0,2,7],[3,0,4,0],[3,1,4,1],[3,2,4,2],[3,3,4,3],[3,4,4,4],[3,5,4,5],[3,6,4,6],[45,0,45,6]]}
["TENDER FOR REFURBISHMENT OF MAGALIES RESERVOIR"]
["CONTRACT NO: WSBU 05 2026/27"]
["SERIES 9: QUALITY CONTROL"]
["Number","REF","LIC","Item Description","Unit","Quantity","Rate","Amount"]
[{"$nulls":7},"R"]
[{"$nulls":3},"SECTION 903 : TESTING"]
[]
[9.1,"903.01",null,"Provision of testing equipment"]
[]
["9.1.1","903.01.01",null,"Concrete-cube testing ","No",24]
[]
["9.1.2","903.01.03",null,"150 mm x 150 mm x 150 mm concrete-cube moulds","No",24]
[]
[9.2,"903.03",null,"Special tests on concrete and asphalt"]
[]
["9.2.1","903.03.01",null,"Compressive-strength tests on concrete cubes","No",24]
[]
["9.2.2","903.03.03",null,"Compressive-strength tests on concrete cores","No",24]
[]
[9.3,"903.04",null,"Special tests on welded specimens"]
[]
["9.3.1","903.04.01",null,"Specimen welded connection X-Ray Test","No",11]
[]
["9.3.2","903.04.02",null,"Specimen welded connection Ultra Sonic Test","No",11]
[]
[9.4,"903.05",null,"Special test for the solubility of concrete according to SANS 677 Appendix C'","No",2]
[]
[9.5,"903.06",null,"Other special tests requested by the Engineer"]
[]
["9.5.1","903.06.01",null,"Cost of testing","Prov Sum","1.0",{"v":50000,"d":"50,000.00"},{"$f":"G30*F30","v":{"v":50000,"d":"R50,000.00"}}]
[]
["9.5.2","903.06.02",null,"Charge on prime cost sum (limit to maximum of 10%)","%",{"$f":"H30","v":50000}]
{"$rows_empty":13}
["Total Carried Forward To Summary"]

{"sheet":"BoQ Summary","index":9,"n_rows":44,"n_cols":1,"rows_kept":44,"merged":[[0,0,0,1],[1,0,1,7],[2,0,2,1],[3,0,3,1]]}
["TENDER FOR REFURBISHMENT OF MAGALIES RESERVOIR"]
["CONTRACT NO: WSBU 05 2026/27"]
[]
["SUMMAY BILL OF QUANTITIES"]
["SERIES 0: GENERAL"]
["SECTION 001: GENERAL REQUIREMENTS AND CHARGES"]
["SECTION 002: ENGINEERS ACCOMMODATION"]
["SERIES 1: ANCILLARY WORKS"]
["SECTION 101 : SITE CLEARING AND GRUBBING"]
["SECTION 102 : ACCOMMODATION OF TRAFFIC"]
["SERIES 2 : EARTHWORKS"]
["SECTION 202: TRENCHING"]
["SECTION 203: MASS EARTHWORKS"]
["SERIES 4 : WATER RETICULATION AND WATER MAINS"]
["SECTION 401 : MATERIALS "]
["SECTION 402 : CONSTRUCTION"]
["SERIES 5 : DRAINAGE AND EROSION PROTECTION"]
["SECTION 501 : SUBSURFACE DRAINS AND DRAINAGE BLANKETS"]
["SECTION 502 : PREFABRICATED CULVERTS AND STORMWATER "]
["SECTION 504 : OPEN DRAINS"]
["SECTION 505 : EROSION PROTECTION"]
["SERIES 7: STRUCTURES-MAGALIES  RESERVOIRS"]
["SECTION 701 : FOUNDATIONS FOR STRUCTURES"]
["SECTION 702 : FALSEWORK, FORMWORK AND CONCRETE FINISH"]
["SECTION 703: STEEL REINFORCEMENT FOR STRUCTURES"]
["SECTION 704 : CONCRETE"]
["SECTION 706 : JOINTS IN STRUCTURES"]
["SECTION 708: RC WALLS and RC FLOOR SEALING/TREATMENT"]
["SERIES 8: SPECIFIC WORKS"]
["SECTION 801 : CONCRETE RESERVOIRS"]
["SECTION 805&806:BUILDING WORK & PAINTING"]
["SECTION 809 : STRUCTURAL STEELWORK"]
["SECTION 810 : SPECIALIST TESTS AND STUDIES"]
["SERIES 9:QUALITY CONTROL"]
[" SECTION 903 : TESTING"]
["SUB TOTAL - CONTRACT PRICE"]
["(a) CONTINGENCIES 10% "]
["SUB TOTAL - CONTRACT PRICE"]
["(b) ESCALATION ALLOWANCE 10% "]
["SUB TOTAL - CONTRACT PRICE"]
["(c) CIDB BUILD PROGRAM  0,25% "]
["TOTAL = TENDER AMOUNT"]
["VAT at 15%"]
["TENDER AMOUNT                                                                                            carried forward to Form of Offer"]

{"sheet":"Series 10 - Magalies","index":10,"n_rows":303,"n_cols":8,"rows_kept":303,"hidden":true,"merged":[[0,0,0,7],[1,0,1,7],[2,0,2,7],[3,0,4,0],[3,1,4,1],[3,2,4,2],[3,3,4,3],[3,4,4,4],[3,5,4,5],[3,6,4,6],[36,0,36,6],[37,0,37,7],[38,0,38,7],[39,0,39,7],[40,0,41,0],[40,1,41,1],[40,2,41,2],[40,3,41,3],[40,4,41,4],[40,5,41,5],[40,6,41,6],[42,0,42,6],[67,0,67,6],[68,0,68,7],[69,0,69,7],[70,0,70,7],[71,0,72,0],[71,1,72,1],[71,2,72,2],[71,3,72,3],[71,4,72,4],[71,5,72,5],[71,6,72,6],[73,0,73,6],[85,0,86,0],[85,2,86,2],[85,3,86,3],[85,4,86,4],[85,5,86,5],[85,6,86,6],[89,0,90,0],[89,2,90,2],[108,0,108,6],[109,0,109,7],[110,0,110,7],[111,0,111,7],[112,0,113,0],[112,1,113,1],[112,2,113,2],[112,3,113,3],[112,4,113,4],[112,5,113,5],[112,6,113,6],[114,0,114,6],[155,0,155,6],[156,0,156,7],[157,0,157,7],[158,0,158,7],[159,0,160,0],[159,1,160,1],[159,2,160,2],[159,3,160,3],[159,4,160,4],[159,5,160,5],[159,6,160,6],[161,0,161,6],[204,0,204,6],[205,0,205,7],[206,0,206,7],[207,0,207,7],[208,0,209,0],[208,1,209,1],[208,2,209,2],[208,3,209,3],[208,4,209,4],[208,5,209,5],[208,6,209,6],[210,0,210,6],[242,0,242,6],[243,0,243,7],[244,0,244,7],[245,0,245,7],[246,0,247,0],[246,1,247,1],[246,2,247,2],[246,3,247,3],[246,4,247,4],[246,5,247,5],[246,6,247,6],[248,0,248,6],[267,0,267,6],[268,0,268,7],[269,0,269,7],[270,0,270,7],[271,0,272,0],[271,1,272,1],[271,2,272,2],[271,3,272,3],[271,4,272,4],[271,5,272,5],[271,6,272,6],[273,0,273,6],[302,0,302,6]]}
["TENDER FOR REFURBISHMENT OF TWO MAGALIES RESERVOIRS"]
["CONTRACT NO: "]
["SERIES 10: ELECTRICAL & INSTRUMENTATION INSTALLATION "]
["Number","REF","LIC","Item Description","Unit","Quantity","Rate","Amount"]
[{"$nulls":7},"R"]
[]
[{"$nulls":3},"MAGALIES RESERVOIR & TELEMETRY ROOM"]
[{"$nulls":3},"NB : The BOQ is provisional only and all items are re-measurable . Refer to SERIES A10: ELECTRICAL & INSTRUMENTATION-02 MEASUREMENT AND PAYMENT"]
[{"$nulls":3},"SECTION 10A : ELECTRICAL & INSTRUMENTATION "]
[null,"PS 9.9, PS 9.2.1.1, PS 9.1.1.5. PS 9.19",null,"LIGHTNING PROTECTION & EARTHING — SUPPLY & INSTALL"]
[10.1,null,null,"Design, provide construction drawings , supply and install the lightning protection and earthing installation for all the Magalies Reservoirs & Telemetry Room as follows :"]
[]
["10.1.1","PS 9.9, A1001",null,"Carry out the earth resistivity survey and provide report for all the reservoirs and buildings on the Magalies site (include for recommendation for number and spacings of earth electrodes)","Sum",1,{"v":2750,"d":"2,750.00"},{"$f":"G13*F13","v":{"v":2750,"d":"2,750.00"}}]
[]
["10.1.2","PS 9.2.1.1, PS 9.9  ,SANS 10313, A1002",null,"Allow an amount to carry out the designs and produce construction drawings for the entire lightning protection and earthing installation for all the above sites or buildings","Sum",1,{"v":25000,"d":"25,000.00"},{"$f":"G15*F15","v":{"v":25000,"d":"25,000.00"}}]
[]
["10.1.3","PS 9.9, A1003",null,"a) Excavation and backfill of ground 300 wide and 600 deep in all classes of medium to hard pickable ground","m",350,{"v":125,"d":"125.00"},{"$f":"G17*F17","v":{"v":43750,"d":"43,750.00"}}]
[]
["10.1.4","PS 9.9, A1004",null,"b) Supply and install 70mm² bare copper ground trench earth ring main","m",350,{"v":160,"d":"160.00"},{"$f":"G19*F19","v":{"v":56000,"d":"56,000.00"}}]
[]
["10.1.5","PS 9.9, A1005",null,"c)  Supply and install 1,6 - 2m long copper clad earth electrodes","No.",28,{"v":1150,"d":"1,150.00"},{"$f":"G21*F21","v":{"v":32200,"d":"32,200.00"}}]
[]
["10.1.6","PS 9.9, A1006",null,"d)  Install Exothermic welds 70 -70mm²","No.",28,{"v":225,"d":"225.00"},{"$f":"G23*F23","v":{"v":6300,"d":"6,300.00"}}]
[]
["10.1.7","PS 9.9, A1007",null,"e)  Supply and install Denso tape of exothermic welds","No.",28,{"v":95,"d":"95.00"},{"$f":"G25*F25","v":{"v":2660,"d":"2,660.00"}}]
[]
["10.1.8","PS 9.9, PS 9.2.1.1, A1008",null,"f)  Supply and install 70mm² PVC insulated earth conductor built into brickwork or concrete to pick up roof conductors or steel members, columns etc","m",70,{"v":145,"d":"145.00"},{"$f":"G27*F27","v":{"v":10150,"d":"10,150.00"}}]
[]
["10.1.9","PS 9.9, A1009",null,"g)  Supply and install 25 Ø PVC conduit flush cast in slabs and chased in brickwork","m",50,{"v":65,"d":"65.00"},{"$f":"G29*F29","v":{"v":3250,"d":"3,250.00"}}]
[]
["10.1.10","PS 9.2.1.1, A10010",null,"h)  Supply and install 10mm dia solid aluminium earth terminal conductor saddled to concrete roof or walls or upstand beams","m",340,{"v":225,"d":"225.00"},{"$f":"G31*F31","v":{"v":76500,"d":"76,500.00"}}]
[]
["10.1.11","PS 9.9, PS 9.2.1.1, A10011",null,"i)  Supply and install 70 mm² PVC insulated earth conductor bonding to steel staircases, hand railing etc.","m",20,{"v":145,"d":"145.00"},{"$f":"G33*F33","v":{"v":2900,"d":"2,900.00"}}]
[]
["10.1.12","PS 9.9, A10012",null,"j) Tap and drill steel columns to receive 70 mm² earth conductors from earth mat","No.",2,{"v":225,"d":"225.00"},{"$f":"G35*F35","v":{"v":450,"d":"450.00"}}]
[]
["Total Carried Forward ",{"$nulls":6},{"$f":"SUM(H6:H36)","v":{"v":261910,"d":"R261,910.00"}}]
[{"$f":"A1","v":"TENDER FOR REFURBISHMENT OF TWO MAGALIES RESERVOIRS"}]
[{"$f":"A2","v":"CONTRACT NO: "}]
[{"$f":"A3","v":"SERIES 10: ELECTRICAL & INSTRUMENTATION INSTALLATION "}]
["Number","REF","LIC","Item Description","Unit","Quantity","Rate","Amount"]
[{"$nulls":7},"R"]
["Brought Forward",{"$nulls":6},{"$f":"H37","v":{"v":261910,"d":"R261,910.00"}}]
["10.1.13","PS 9.9, A10013",null,"k) Supply and install  70mm² earth terminals including making off with lugs etc. complete","No.",36,{"v":95,"d":"95.00"},{"$f":"G44*F44","v":{"v":3420,"d":"3,420.00"}}]
[]
["10.1.14","PS 9.9, PS 9.2.1.1, A10014",null,"l) Supply and install 70mm² PVC insulated earth conductor for connecting to reinforcing steel in roof or connecting onto structural steel trusses or sheeting","m",70,{"v":145,"d":"145.00"},{"$f":"G46*F46","v":{"v":10150,"d":"10,150.00"}}]
[]
["10.1.15","PS 9.2.1.1, PS 9.9, A10015",null,"m) Supply and install 300mm long copper earth bar with stand-off insulators adjacent the Pump Station MCC and DBs at the 3 x  reservoirs","Sum",1,{"v":1150,"d":"1,150.00"},{"$f":"G48*F48","v":{"v":1150,"d":"1,150.00"}}]
[]
["10.1.16","PS 9.9, PS 9.10, PS 9.19, A10016",null,"n) Ensure earth continuity and test between the structure and to the earth mat for all reservoirs and telemetry room on the site","Sum",1,{"v":2250,"d":"2,250.00"},{"$f":"G50*F50","v":{"v":2250,"d":"2,250.00"}}]
[]
["10.1.17","PS 9.9, PS 9.10, A10017",null,"o) Ensure earth continuity and test between the concrete or steel roof and earth mat and to other above structures and buildings for all buildings on the site","Sum",4,{"v":4500,"d":"4,500.00"},{"$f":"G52*F52","v":{"v":18000,"d":"18,000.00"}}]
[]
["10.1.18","PS 9.9, PS 9.10, A10018",null,"p) Test and commission the Lightning Protection and Earthing system for all the buildings and structures in presence of the Engineer for the Magalies sites","Sum",1,{"v":7500,"d":"7,500.00"},{"$f":"G54*F54","v":{"v":7500,"d":"7,500.00"}}]
[]
["10.1.19","PS 9.10, A10019",null,"q) Issue the earth test and compliance certificates for all the above Reservoirs, Buildings and Structures on the Magalies sites ( separate certificates required for each site )  ","Sum",1,{"v":5250,"d":"5,250.00"},{"$f":"G56*F56","v":{"v":5250,"d":"5,250.00"}}]
[]
["10.1.20","PS 9.10, PS 9.19, A10020",null,"r) Issue the \"as built\" earthing layouts and hand-over data packs for all the above reservoirs, structures and buildings on the Magalies site","Sum",1,{"v":3750,"d":"3,750.00"},{"$f":"G58*F58","v":{"v":3750,"d":"3,750.00"}}]
[]
[{"$nulls":3},"MCC & DISTRIBUTION BOARDS— SUPPLY & INSTALL"]
[]
[10.2,"PS 9.1.1.5, PS 9.5, PS 9.5.12, PS 9.6.1.1, PS 9.6.1.3, PS 9.1.1.4, PS 9.10.5, PS 9.10.6, PS 9.10.12, PS 9.11.3, PS 9.14, PS 9.20, PS 9.22",null,"Design, produce construction and GA/wiring drawings,supply and install distribution boards, motor control panel etc. complete with doors where applicable, frames, subframes, chassis, fixtures, fittings, circuit breakers spare space, busbar etc. as per specifications and drawings/schematics where provided "]
[]
["10.2.1","PS 9.2.1.2, PS 9.3.1, PS 9.5.2, A10021",null,"a)  DB - 01  for Magalies Reservoir & Telemetry Room as specified ( Rated at 60Amp DP 230V ) excluding UPS  ( include for designs and construction drawings ) ","Sum",1,{"v":62000,"d":"62,000.00"},{"$f":"G64*F64","v":{"v":62000,"d":"62,000.00"}}]
[]
["10.2.2","PS 9.3.2, PS 9.5.2, PS 9.10, A10022",null,"b) Supply and install the 3KVA UPS in DB for the telemetry panel supply as specified","Sum",1,{"v":54000,"d":"54,000.00"},{"$f":"G66*F66","v":{"v":54000,"d":"54,000.00"}}]
[]
["Total Carried Forward ",{"$nulls":6},{"$f":"SUM(H43:H67)","v":{"v":429380,"d":"R429,380.00"}}]
[{"$f":"A38","v":"TENDER FOR REFURBISHMENT OF TWO MAGALIES RESERVOIRS"}]
[{"$f":"A39","v":"CONTRACT NO: "}]
[{"$f":"A40","v":"SERIES 10: ELECTRICAL & INSTRUMENTATION INSTALLATION "}]
["Number","REF","LIC","Item Description","Unit","Quantity","Rate","Amount"]
[{"$nulls":7},"R"]
["Brought Forward",{"$nulls":6},{"$f":"H68","v":{"v":429380,"d":"R429,380.00"}}]
[]
[{"$nulls":3},"FLOW METERS, LEVEL SENSORS & INTEGRATION— SUPPLY & INSTALL"]
[]
[10.3,"PS 9.2.1.11",null,"Design , supply construction drawings , supply and install the following electronic mag flow meters for the inlets and outlets to and from the Magalies Reservoir"]
["10.3.1","PS 9.4.1, PS 9.5.1,PS 9.2.1.11,  A10023",null,"a)  DN750  dia mag flow meter on inlet to the reservoir with earthing rings and 25m of signal cabling ( TBC )","Sum",1,{"v":575000,"d":"575,000.00"},{"$f":"G79*F79","v":{"v":575000,"d":"575,000.00"}}]
["10.3.2","PS 9.4.1, PS 9.5.1,PS 9.2.1.11,  A10023",null,"b) DN750 dia mag flow meter on the reservoir outlet with earthing rings and 25m of signal cabling","Sum",1,{"v":575000,"d":"575,000.00"},{"$f":"G80*F80","v":{"v":575000,"d":"575,000.00"}}]
[]
["10.3.3","PS 9.9, PS 9.19, A10024",null,"Earth the mag flow meters supplied above to manufacturer's instructions","Sum",2,{"v":12500,"d":"12,500.00"},{"$f":"G82*F82","v":{"v":25000,"d":"25,000.00"}}]
[]
["10.3.4","PS 9.8, PS 9.5.2, PS 9.2.1.11, A10025",null,"Integrate the 2 x mag flow meters supplied above to the telemetry panel for onward signal transmission to the CoT SCADA system as specified","Sum",2,{"v":12500,"d":"12,500.00"},{"$f":"G84*F84","v":{"v":25000,"d":"25,000.00"}}]
[]
["10.3.4.1","PS 9.4.2, PS 9.5.1,PS 9.2.1.11,  A10026",null,"Supply and install the Siemens 0-10m or similar approved electronic ultrasonic level sensors and transmitter for the 4 x Magalies reservoirs top hat protection HDG vandal resistant","Sum",2,{"v":27000,"d":"27,000.00"},{"$f":"G86*F86","v":{"v":54000,"d":"54,000.00"}}]
[{"$nulls":7},{"$f":"G87*F87","v":{"v":0,"d":"0.00"}}]
[]
["10.3.4.2","PS 9.8, PS 9.5.2, PS 9.2.1.11, A10027",null,"Integrate the 2 x level sensors and transmitters supplied above to the telemetry panel for onward signal transmission to the CoT SCADA system as specified","Sum",{"v":2,"d":" 2.00"},{"v":12500,"d":"12,500.00"},{"$f":"G89*F89","v":{"v":25000,"d":"25,000.00"}}]
[10.4]
[{"$nulls":3},"LIGHTING, SMALL POWER & SOCKET INSTALLATION— SUPPLY & INSTALL"]
["10.4.1","PS 9.2.1.1, PS 9.10,PS 9.15.7.7,  A10028",null,"Allow an amount for the designs and producing the construction drawings for the entire electrical, cabling systems, small power and lighting installation and site lighting for all the above sites including all buildings and structures. To include all cable designs, sizings, layouts , cable routes etc complete.","Sum",{"v":1,"d":" 1.00"},{"v":25000,"d":"25,000.00"},{"$f":"G92*F92","v":{"v":25000,"d":"25,000.00"}}]
[]
["10.4.2","PS 9.3.1, PS 9.3.2, PS 9.5.2,PS 9.15.7.7, A10029",null,"a) Supply and Install Surface 1 lever light switch","No.",2,{"v":75,"d":"75.00"},{"$f":"G94*F94","v":{"v":150,"d":"150.00"}}]
[]
["10.4.3","PS 9.3.1, PS 9.3.2, PS 9.5.2, A10029",null,"b) Supply and Install Surface 16A Switched socket outlet","No.",2,{"v":550,"d":"550.00"},{"$f":"G96*F96","v":{"v":1100,"d":"1,100.00"}}]
[]
["10.4.4","PS 9.3.1, PS 9.3.2, PS 9.5.2, A10029",null,"c) Supply and Install 16A Switched socked outlet industrial type surface corrosion proof","No.",1,{"v":575,"d":"575.00"},{"$f":"G98*F98","v":{"v":575,"d":"575.00"}}]
[]
["10.4.5","PS 9.3.1, PS 9.3.2, PS 9.5.2, A10029",null,"d) Supply and Install 16 Amp weatherproof switched socket outlet","No.",1,{"v":1450,"d":"1,450.00"},{"$f":"G100*F100","v":{"v":1450,"d":"1,450.00"}}]
[]
["10.4.6","PS 9.3.1, PS 9.3.2, PS 9.5.2, A10029",null,"e) Supply and Install Weatherproof termination / junction boxes CCG Corruguard or similar for sensors  and instruments with terminals ","No.",4,{"v":480,"d":"480.00"},{"$f":"G102*F102","v":{"v":1920,"d":"1,920.00"}}]
[]
["10.4.7","PS 9.3.1, PS 9.3.2, PS 9.5.2, A10029",null,"f) Supply and Install Surface 2 way light switch ","No.",1,{"v":85,"d":"85.00"},{"$f":"G104*F104","v":{"v":85,"d":"85.00"}}]
["10.4.8","PS 9.3.1, PS 9.3.2, PS 9.5.2, A10029",null,"g) Supply and Install 20A DP 2 pole isolators ","No.",1,{"v":450,"d":"450.00"},{"$f":"G105*F105","v":{"v":450,"d":"450.00"}}]
[]
["10.4.9","PS 9.3.1, PS 9.3.2, PS 9.5.2, A10029",null,"h) Supply and Install 20 Amp TP 400V isolator for future use ","No.",1,{"v":2250,"d":"2,250.00"},{"$f":"G107*F107","v":{"v":2250,"d":"2,250.00"}}]
[]
["Total Carried Forward ",{"$nulls":6},{"$f":"SUM(H74:H108)","v":{"v":1741360,"d":"R1,741,360.00"}}]
[{"$f":"A69","v":"TENDER FOR REFURBISHMENT OF TWO MAGALIES RESERVOIRS"}]
[{"$f":"A70","v":"CONTRACT NO: "}]
[{"$f":"A71","v":"SERIES 10: ELECTRICAL & INSTRUMENTATION INSTALLATION "}]
["Number","REF","LIC","Item Description","Unit","Quantity","Rate","Amount"]
[{"$nulls":7},"R"]
["Brought Forward",{"$nulls":6},{"$f":"H109","v":{"v":1741360,"d":"R1,741,360.00"}}]
["`",null,null,"CONDUITS, WIRING & TRUNKING"]
[10.5,"PS 9.6.1.2, PS 9.8, PS 9.10.6.3, PS 9.15, PS 9.15.5, A10030",null,"Conduits , fittings , wiring, saddles , accessories etc complete for all the structures and building lighting and power points"]
[]
["10.5.1","PS 9.3.2, PS 9.5.2, A10030",null,"i) Supply and Install  25 dia PVC conduit","m",40,{"v":40,"d":"40.00"},{"$f":"G119*F119","v":{"v":1600,"d":"1,600.00"}}]
["10.5.2","PS 9.3.2, PS 9.5.2, A10030",null,"ii) Supply and Install 25 dia galvanised conduit","m",20,{"v":55,"d":"55.00"},{"v":1100,"d":"1,100.00"}]
["10.5.3","PS 9.3.2, PS 9.5.2, A10030",null,"iii) Supply and Install 25 dia galvanised round boxes with covers","m",12,{"v":145,"d":"145.00"},{"v":1740,"d":"1,740.00"}]
["10.5.4","PS 9.3.2, PS 9.5.2, A10030",null,"iv) Supply and Install 32 dia PVC conduit in floor and surface with bends etc","m",10,{"v":55,"d":"55.00"},{"v":550,"d":"550.00"}]
["10.5.5","PS 9.3.2, PS 9.5.2, A10030",null,"v) Supply and Install 100 x 50 galvanised box with covers ","No.",12,{"v":125,"d":"125.00"},{"v":1500,"d":"1,500.00"}]
["10.5.6","PS 9.3.2, PS 9.5.2, A10030",null,"vi) Supply and Install 100 x 100 galvanised box with cover ","No.",5,{"v":125,"d":"125.00"},{"v":625,"d":"625.00"}]
[]
["10.5.7","PS 9.3.1, PS 9.5.2, A10031",null,"vii) Supply and Install 1,5mm² wires","m",40,{"v":60,"d":"60.00"},{"$f":"G126*F126","v":{"v":2400,"d":"2,400.00"}}]
[]
["10.5.8","PS 9.3.1, PS 9.5.2, A10031",null,"viii) Supply and Install 2,5mm² wires","m",30,{"v":75,"d":"75.00"},{"$f":"G128*F128","v":{"v":2250,"d":"2,250.00"}}]
[]
["10.5.9","PS 9.3.1, PS 9.5.2, A10031",null,"viiii) Supply and Install 4mm² wires","m",40,{"v":80,"d":"80.00"},{"$f":"G130*F130","v":{"v":3200,"d":"3,200.00"}}]
[]
["10.5.10","PS 9.3.2, PS 9.5.2, A10032",null,"x) Supply and Install 40 x 40 galvanised trunking with covers fixed to wall or suspended from roof or trusses etc","m",15,{"v":475,"d":"475.00"},{"$f":"G132*F132","v":{"v":7125,"d":"7,125.00"}}]
[]
[{"$nulls":3},"LUMINAIRES & POLES— SUPPLY & INSTALL"]
[10.6,"PS 9.3.1, PS 9.5.2, PS 9.10",null,"Supply light fittings / luminaries and poles as specified with lamps supplied by TLF - The Lighting Factor ( refer to project specification for details )"]
["10.6.1","A10033",null,"a) Type A - 1,5m 2 Tube 2 x 30W  LED corrosion proof","No.",2,{"v":1150,"d":"1,150.00"},{"$f":"G136*F136","v":{"v":2300,"d":"2,300.00"}}]
["10.6.2","A10033",null,"b) Type B - Surface Bulkhead Aluminium with glass bowl 1 x 18W LED","No.",2,{"v":975,"d":"975.00"},{"$f":"G137*F137","v":{"v":1950,"d":"1,950.00"}}]
["10.6.3","A10033",null,"c) Type C - 1,5m 2 Tube 2 x 30W LED EXE Rated Zone 2 ","No.",1,{"v":4525,"d":"4,525.00"},{"$f":"G138*F138","v":{"v":4525,"d":"4,525.00"}}]
["10.6.4","A10033",null,"d) Type D - Industrial high quality streetlight aluminium body 1 x 100W LED with photocell","No.",6,{"v":2750,"d":"2,750.00"},{"$f":"G139*F139","v":{"v":16500,"d":"16,500.00"}}]
["10.6.5","A10033",null,"e)  10m steel floodlight pole with CB, photo cell etc complete  ","No",6,{"v":4250,"d":"4,250.00"},{"$f":"G140*F140","v":{"v":25500,"d":"25,500.00"}}]
[]
[10.7,"PS 9.10, PS 9.5.2, A10034",null,"Install and connect the light fittings and poles supplied above."]
["10.7.1",null,null,"a) Type A","No.",2,{"v":225,"d":"225.00"},{"$f":"G143*F143","v":{"v":450,"d":"450.00"}}]
["10.7.2",null,null,"b)Type B","No.",2,{"v":225,"d":"225.00"},{"$f":"G144*F144","v":{"v":450,"d":"450.00"}}]
["10.7.3",null,null,"c) Type C ","No.",1,{"v":1100,"d":"1,100.00"},{"$f":"G145*F145","v":{"v":1100,"d":"1,100.00"}}]
["10.7.4",null,null,"d) Type D","No.",6,{"v":1100,"d":"1,100.00"},{"$f":"G146*F146","v":{"v":6600,"d":"6,600.00"}}]
["10.7.5",null,null,"e) Type E - 10m steel floodlight pole","No.",6,{"v":1100,"d":"1,100.00"},{"$f":"G147*F147","v":{"v":6600,"d":"6,600.00"}}]
[]
[{"$nulls":3},"CABLES — SUPPLY (SANS 1507) & INSTALLATION"]
[10.8,"PS 9.5.2, PS 9.10, PS 9.16.14, A10035",null,"a) Supply Cables PVC/SWA/PVC/ECC cables per SANS 1507  ( include for designs and producing of construction drawings with cable sizing , routing etc )"]
[]
["10.8.1",null,null,"(a)  1,5mm² x 2 core ECC","m",100,{"v":40,"d":"40.00"},{"$f":"G152*F152","v":{"v":4000,"d":"4,000.00"}}]
["10.8.2",null,null,"(b)  1,5mm² x 3 & 4 core ECC","m",120,{"v":50,"d":"50.00"},{"$f":"G153*F153","v":{"v":6000,"d":"6,000.00"}}]
["10.8.3",null,null,"(c)  2,5mm² x 4 core ECC","m",60,{"v":50,"d":"50.00"},{"$f":"G154*F154","v":{"v":3000,"d":"3,000.00"}}]
["10.8.4",null,null,"(d)  4mm² x  4 core ECC","m",60,{"v":55,"d":"55.00"},{"$f":"G155*F155","v":{"v":3300,"d":"3,300.00"}}]
["Total Carried Forward ",{"$nulls":6},{"$f":"SUM(H115:H155)","v":{"v":1845725,"d":"R1,845,725.00"}}]
[{"$f":"A110","v":"TENDER FOR REFURBISHMENT OF TWO MAGALIES RESERVOIRS"}]
[{"$f":"A111","v":"CONTRACT NO: "}]
[{"$f":"A112","v":"SERIES 10: ELECTRICAL & INSTRUMENTATION INSTALLATION "}]
["Number","REF","LIC","Item Description","Unit","Quantity","Rate","Amount"]
[{"$nulls":7},"R"]
["Brought Forward",{"$nulls":6},{"$f":"H156","v":{"v":1845725,"d":"R1,845,725.00"}}]
[]
["10.8.5",null,null,"(e) 16mm² x 2 core ECC","m",50,{"v":85,"d":"85.00"},{"$f":"G164*F164","v":{"v":4250,"d":"4,250.00"}}]
["10.8.6",null,null,"(f) 35mm² x 4 core ECC","m",20,{"v":675,"d":"675.00"},{"v":13500,"d":"13,500.00"}]
["10.8.7",null,null,"(g)  1mm² x 4 pair twisted shielded instrument cable","m",120,{"v":22,"d":"22.00"},{"v":2640,"d":"2,640.00"}]
["10.8.8",null,null,"(h) Decabond instrument cable","m",80,{"v":27,"d":"27.00"},{"v":2160,"d":"2,160.00"}]
["10.8.9",null,null,"(i) Fibre cable 8 pair single mode","m",80,{"v":145,"d":"145.00"},{"v":11600,"d":"11,600.00"}]
["10.8.10",null,null,"(j) 10mm² x BCEW for general earth","m",50,{"v":65,"d":"65.00"},{"v":3250,"d":"3,250.00"}]
[]
[10.9,"PS 9.5.2, PS 9.10, PS 9.16.14, A10036",null,"Installation of above supplied PVC/SWA/PVC/ECC cables per SANS 1507 in ducts , sleeves, cable tray etc"]
[]
["10.9.1",null,null,"(a)  1,5mm² x 2 core ECC","m",100,{"v":30,"d":"30.00"},{"$f":"G173*F173","v":{"v":3000,"d":"3,000.00"}}]
["10.9.2",null,null,"(b)  1,5mm² x 3 & 4 core ECC","m",120,{"v":40,"d":"40.00"},{"v":4800,"d":"4,800.00"}]
["10.9.3",null,null,"(c)  2,5mm² x 4 core ECC","m",60,{"v":35,"d":"35.00"},{"v":2100,"d":"2,100.00"}]
["10.9.4",null,null,"(d)  4mm² x  4 core ECC","m",60,{"v":40,"d":"40.00"},{"v":2400,"d":"2,400.00"}]
["10.9.5",null,null,"(e) 16mm² x 2 core ECC","m",50,{"v":35,"d":"35.00"},{"v":1750,"d":"1,750.00"}]
["10.9.6",null,null,"(f) 35mm² x 4 core ECC","m",20,{"v":100,"d":"100.00"},{"v":2000,"d":"2,000.00"}]
["10.9.7",null,null,"(g)  1mm² x 4 pair twisted shielded instrument cable","m",120,{"v":145,"d":"145.00"},{"v":17400,"d":"17,400.00"}]
["10.9.8",null,null,"(h) Decabond instrument cable","m",80,{"v":185,"d":"185.00"},{"v":14800,"d":"14,800.00"}]
["10.9.9",null,null,"(i) Fibre cable 8 pair single mode","m",80,{"v":30,"d":"30.00"},{"v":2400,"d":"2,400.00"}]
["10.9.10",null,null,"(j) 10mm² x BCEW for general earth","m",50,{"v":30,"d":"30.00"},{"v":1500,"d":"1,500.00"}]
[]
[{"v":10.1,"d":"10.10"},"PS 9.5.2, A10037",null,"Cable Glands: Rates shall include the termination of cables in distribution boards, MCCs , kiosks etc  and equipment per supplier recommended termination detail. To include corrosion proof CCG Corruguard"]
["10.10.1",null,null,"(a)  1,5mm² x 2 core ECC","No.",16,{"v":250,"d":"250.00"},{"$f":"G185*F185","v":{"v":4000,"d":"4,000.00"}}]
["10.10.2",null,null,"(b)  1,5mm² x 3 & 4 core ECC","No.",16,{"v":250,"d":"250.00"},{"v":4000,"d":"4,000.00"}]
["10.10.3",null,null,"(c)  2,5mm² x 4 core ECC","No.",8,{"v":275,"d":"275.00"},{"v":2200,"d":"2,200.00"}]
["10.10.4",null,null,"(d)  4mm² x  4 core ECC","No.",8,{"v":275,"d":"275.00"},{"v":2200,"d":"2,200.00"}]
["10.10.5",null,null,"(e) 16mm² x 2 core ECC","No.",8,{"v":275,"d":"275.00"},{"v":2200,"d":"2,200.00"}]
["10.10.6",null,null,"(f) 35mm² x 4 core ECC","No.",4,{"v":850,"d":"850.00"},{"v":3400,"d":"3,400.00"}]
["10.10.7",null,null,"(g)  1mm² x 4 pair twisted shielded instrument cable","No.",12,{"v":75,"d":"75.00"},{"v":900,"d":"900.00"}]
["10.10.8",null,null,"(h) Decabond instrument cable","No.",12,{"v":85,"d":"85.00"},{"v":1020,"d":"1,020.00"}]
["10.10.9",null,null,"(i) Fibre cable 8 pair single mode","No.",4,{"v":1900,"d":"1,900.00"},{"v":7600,"d":"7,600.00"}]
["10.10.10",null,null,"(j) 10mm² x BCEW for general earth","No.",4,{"v":105,"d":"105.00"},{"v":420,"d":"420.00"}]
[]
[10.11,"PS 9.5.2, A10038",null,"Suppy and install the following sleeves, cable trays and cable ladders :"]
[]
["10.11.1",null,null,"a) 100-150mm wide heavy duty cable tray","m",10,{"v":250,"d":"250.00"},{"$f":"G198*F198","v":{"v":2500,"d":"2,500.00"}}]
["10.11.2",null,null,"b) 100-150mm wide cable tray bends complete","No.",2,{"v":275,"d":"275.00"},{"v":550,"d":"550.00"}]
["10.11.3",null,null,"c) 200mm wide cable tray bends etc complete","No.",2,{"v":275,"d":"275.00"},{"v":550,"d":"550.00"}]
["10.11.4",null,null,"d) 100mm dia cable UPVC sleeves","m",20,{"v":275,"d":"275.00"},{"v":5500,"d":"5,500.00"}]
["10.11.5",null,null,"e) 50mm dia cable UPVC sleeves","m",40,{"v":275,"d":"275.00"},{"v":11000,"d":"11,000.00"}]
["10.11.6",null,null,"f) 100mm dian UPVC bends","No",4,{"v":850,"d":"850.00"},{"v":3400,"d":"3,400.00"}]
["10.11.7",null,null,"g) 50mm dia UPVC bends","No",4,{"v":825,"d":"825.00"},{"v":3300,"d":"3,300.00"}]
["Total Carried Forward ",{"$nulls":6},{"$f":"SUM(H162:H204)","v":{"v":1990015,"d":"R1,990,015.00"}}]
[{"$f":"A157","v":"TENDER FOR REFURBISHMENT OF TWO MAGALIES RESERVOIRS"}]
[{"$f":"A158","v":"CONTRACT NO: "}]
[{"$f":"A159","v":"SERIES 10: ELECTRICAL & INSTRUMENTATION INSTALLATION "}]
["Number","REF","LIC","Item Description","Unit","Quantity","Rate","Amount"]
[{"$nulls":7},"R"]
["Brought Forward",{"$nulls":6},{"$f":"H205","v":{"v":1990015,"d":"R1,990,015.00"}}]
[]
[10.12,"PS 9.9, PS 9.5.2, PS 9.10, A10039",null,"TRENCHING & MARKING"]
["10.12.1",null,null,"a) Trenching  400 wide x 550 deep in pickable to hard ground","m",140,{"v":65,"d":"65.00"},{"$f":"G214*F214","v":{"v":9100,"d":"9,100.00"}}]
["10.12.2",null,null,"b) Backfilling of above trenches","m",140,{"v":45,"d":"45.00"},{"$f":"G215*F215","v":{"v":6300,"d":"6,300.00"}}]
["10.12.3",null,null,"c) Cable marker tape","m",140,{"v":12.5,"d":"12.50"},{"$f":"G216*F216","v":{"v":1750,"d":"1,750.00"}}]
["10.12.4",null,null,"d) Concrete cable markers","No.",12,{"v":195,"d":"195.00"},{"$f":"G217*F217","v":{"v":2340,"d":"2,340.00"}}]
[]
[10.13,"PS 9.7.1, PS 9.10, PS 9.12, A10040",null,"FIRE EQUIPMENT & SIGNAGE"]
[]
["10.13.1",null,null,"a) 9 kg DCP fire extinguisher","No.",1,{"v":1400,"d":"1,400.00"},{"$f":"G221*F221","v":{"v":1400,"d":"1,400.00"}}]
["10.13.2",null,null,"b) Photo luminescent and standard Fire Extinguisher signs","No.",1,{"v":475,"d":"475.00"},{"$f":"G222*F222","v":{"v":475,"d":"475.00"}}]
["10.13.3",null,null,"c) Warning - machine starts automatically signage","No.",1,{"v":550,"d":"550.00"},{"$f":"G223*F223","v":{"v":550,"d":"550.00"}}]
["10.13.4",null,null,"d) Warning - electricity danger and no entry signage ","No.",1,{"v":550,"d":"550.00"},{"$f":"G224*F224","v":{"v":550,"d":"550.00"}}]
[]
[{"$nulls":3},"TELEMETRY, INSTRUMENTATION & CONTROL"]
[{"$nulls":3},"Telemetry Systems "]
[10.14,"PS 9.10.4, PS 9.10.5, PS 9.10.6.2,  PS 9.5, PS 9.5.12.1, PS 9.1.1.2, PS 9.2.1.11",null,"Design, produce construction drawings supply, install , test and commission the following Telemetry and all associated Instrumentaton Systems complete to City of Tshwane standards and specifications"]
[]
["10.14.1","PS 9.8.1, PS 9.8.2, PS 9.10, A10041",null,"a) Telemetry panel for Magalies Reservoir / Telemetry Room ","Sum",1,{"v":65000,"d":"65,000.00"},{"$f":"G230*F230","v":{"v":65000,"d":"65,000.00"}}]
[]
["10.14.2","PS 9.8.1, PS 9.8.2, A10041",null,"b) Telemetry RTU , digital radions etc at the Magalies Reservoir / Telemetry Room ( include for site signal strength audits ) ","Sum",1,{"v":125000,"d":"125,000.00"},{"$f":"G232*F232","v":{"v":125000,"d":"125,000.00"}}]
[]
["10.14.3","PS 9.8.2, PS 9.10, A10041",null,"c) Telemetry batteries - 100A/hr","No.",1,{"v":20000,"d":"20,000.00"},{"$f":"G234*F234","v":{"v":20000,"d":"20,000.00"}}]
[]
["10.14.4","PS 9.8.2, A10041",null,"d) Webb radio antennae and associated cabling, mounting and accessories etc complete for all sites ( include for repeaters where required ) ","Sum",1,{"v":3600,"d":"3,600.00"},{"$f":"G236*F236","v":{"v":3600,"d":"3,600.00"}}]
["10.14.5","PS 9.8.2, PS 9.9, A10041",null,"e) DC surge protection and optical isolation between serial devices for all the telemetry equipment","Sets",2,{"v":3500,"d":"3,500.00"},{"$f":"G237*F237","v":{"v":7000,"d":"7,000.00"}}]
[]
["10.14.6","PS 9.8.2, PS 9.10, A10041",null,"f) Configuration , testing and commissioning of telemetry system with instrumentation such as flow meters, level transmitters etc ","Sum",1,{"v":7500,"d":"7,500.00"},{"$f":"G239*F239","v":{"v":7500,"d":"7,500.00"}}]
[]
["10.14.7","PS 9.8.1, PS 9.8.2, A10042",null,"Integrate the Magalies telemetry system to the existing SCADA system at the CoT Control Room","Sum",1,{"v":5500,"d":"5,500.00"},{"$f":"G241*F241","v":{"v":5500,"d":"5,500.00"}}]
[]
["Total Carried Forward ",{"$nulls":6},{"$f":"SUM(H211:H242)","v":{"v":2246080,"d":"R2,246,080.00"}}]
[{"$f":"A206","v":"TENDER FOR REFURBISHMENT OF TWO MAGALIES RESERVOIRS"}]
[{"$f":"A207","v":"CONTRACT NO: "}]
[{"$f":"A208","v":"SERIES 10: ELECTRICAL & INSTRUMENTATION INSTALLATION "}]
["Number","REF","LIC","Item Description","Unit","Quantity","Rate","Amount"]
[{"$nulls":7},"R"]
["Brought Forward",{"$nulls":6},{"$f":"H243","v":{"v":2246080,"d":"R2,246,080.00"}}]
[]
["10.14.8","PS 9.8.3, PS 9.10, A10043",null,"Supply and install the intruder sensor and alarm siren system including control panel/keypad for the Magalies Reservoir Site Telemetry Room only. Include for all conduits, wiring etc complete","Sum",1,{"v":12000,"d":"12,000.00"},{"$f":"G251*F251","v":{"v":12000,"d":"12,000.00"}}]
[]
["10.14.9","PS 9.8.3, PS 9.10, A10043",null,"Supply and install the CCTV camera system with high resolution night vision cameras, all poles , brackerts etc including control panels etc for the Magalies Reservoir Site Telemetry Room only. Include for all conduits, wiring etc complete","Sum",1,{"v":15000,"d":"15,000.00"},{"$f":"G253*F253","v":{"v":15000,"d":"15,000.00"}}]
[]
["10.14.10","PS 9.8.3, PS 9.10, A10043",null,"Integrate the above intruder alarm and sensor system and the CCTV camera system to the telemetry system and integrate to the existing SCADA system at the CoT Control Room.  Also include for SMS modules and smart phone integration to Client's operations personnel. Include for data contracts etc","Sum",1,{"v":7250,"d":"7,250.00"},{"$f":"G255*F255","v":{"v":7250,"d":"7,250.00"}}]
[]
["10.14.11","PS 9.10, A10043",null,"Test and commission the intruder alarm system and the CCTV camera system for the Magalies Telemetry Room","Sum",1,{"v":5000,"d":"5,000.00"},{"$f":"G257*F257","v":{"v":5000,"d":"5,000.00"}}]
[]
["10.14.12","PS 9.10, A10044",null,"i) Allow an amount to carry out all the engineering/designs and produce all construction drawings, wiring diagrams of DB or MCC & telementry systems , GA drawings , instrument and loop diagrams, hook up diagrams, instrument lists and cable block diagrams , P & IDs , FDS document  etc complete for the telemetry systems incorporating the flow meters, level sensors, intruder alarm , CCTV camera and pepper spray system etc complete as specifed for the Magalies reservoir and telemery room site","Sum",1,{"v":27500,"d":"27,500.00"},{"$f":"G259*F259","v":{"v":27500,"d":"27,500.00"}}]
[]
["10.14.13","PS 9.10, PS 9.16,A10045",null,"Test and commission the ensitre instrumentataion and control system for the Magalies site  ( Allow for all FAT & SAT etc )","Sum",1,{"v":5000,"d":"5,000.00"},{"$f":"G261*F261","v":{"v":5000,"d":"5,000.00"}}]
[]
["10.14.14","PS 9.10, SANS 10142-1, A10046",null,"Test and commission the electrical installation for the Magalies site and issue of the electrical COC ","Sum",1,{"v":4750,"d":"4,750.00"},{"$f":"G263*F263","v":{"v":4750,"d":"4,750.00"}}]
[]
["10.14.15","PS 9.10, A10047",null,"Supply the O & M  manuals and hand-over data packs for the entire electrical, telemetry and instrumentation & control systems for the Magalies site","Sum",1,{"v":12500,"d":"12,500.00"},{"$f":"G265*F265","v":{"v":12500,"d":"12,500.00"}}]
[]
["10.14.16","PS 9.10, A10048",null,"Provide training for the City of Tshwane operations and maintenance staff for the entire electrical and instrumentation installations for the Magalies reservoir telemetry room  ","Sum",1,{"v":7500,"d":"7,500.00"},{"$f":"G267*F267","v":{"v":7500,"d":"7,500.00"}}]
["Total Carried Forward ",{"$nulls":6},{"$f":"SUM(H249:H267)","v":{"v":2342580,"d":"R2,342,580.00"}}]
[{"$f":"A244","v":"TENDER FOR REFURBISHMENT OF TWO MAGALIES RESERVOIRS"}]
[{"$f":"A245","v":"CONTRACT NO: "}]
[{"$f":"A246","v":"SERIES 10: ELECTRICAL & INSTRUMENTATION INSTALLATION "}]
["Number","REF","LIC","Item Description","Unit","Quantity","Rate","Amount"]
[{"$nulls":7},"R"]
["Brought Forward",{"$nulls":6},{"$f":"H268","v":{"v":2342580,"d":"R2,342,580.00"}}]
[]
["10.14.17","PS 9.10, A10049",null,"Lump sum labelling for all  instruments, level sensors & instruments , flow meters etc complete","Sum",1,{"v":2500,"d":"2,500.00"},{"$f":"G276*F276","v":{"v":2500,"d":"2,500.00"}}]
[]
["10.14.18","PS 9.5.2, PS 9.10, A10050",null,"Allow a provisionsl sum of R100 000,00 for the application of the power supply to the Magalies Reservoir Sites and Telemetry Room and  for payment of the connection costs ( this is an estimate, final costs to be ascertained and confirmed once applications for power are made )","Prov Sum",1,{"v":100000,"d":"100,000.00"},{"$f":"G278*F278","v":{"v":100000,"d":"100,000.00"}}]
[]
["10.14.19","A10051",null,"Allow for profit and attendance on item above item","%",{"$f":"H278","v":100000},{"v":0.1,"d":"10%"},{"$f":"G280*F280","v":{"v":10000,"d":"10,000.00"}}]
[]
["10.14.20","PS 9.10, A10052",null,"Allow an amount of R 37 500,00 for the Engineer to attend FAT for the insTrumentation work . This amount to be paid directly to Engineer before work is done ","Prov Sum",1,{"v":47500,"d":"47,500.00"},{"$f":"G282*F282","v":{"v":47500,"d":"47,500.00"}}]
[]
["10.14.21","PS 9.16, A10053",null,"Allow for profit and attendance on item above item","%",{"$f":"H282","v":47500},{"v":0.1,"d":"10%"},{"$f":"G284*F284","v":{"v":4750,"d":"4,750.00"}}]
[]
[null,null,"PS 9.1.1.3","DOCUMENTATION"]
[]
[10.15,"PS 9.10,PS 9.22,  A10054",null,"a) Submit As-built Electrical & Instrumentation drawings to the Engineers satisfaction where not measured elsewhere, comprising the following: 1 x full set \"red line\" drawings (hard copy); 4 x sets manufacturers and supplier schedules and drawings (hard copy + CD)","Sum",1,{"v":12500,"d":"12,500.00"},{"$f":"G288*F288","v":{"v":12500,"d":"12,500.00"}}]
[]
[10.16,"PS 9.22, A10055",null,"Allow a provisionsl sum of R50 000,00 for any unforeseen items or work to be used entirely at the discretion of the Engineer or Client","Prov Sum",1,{"v":50000,"d":"50,000.00"},{"$f":"G290*F290","v":{"v":50000,"d":"50,000.00"}}]
[]
[10.17,"PS 9.22, A10056",null,"Allow for profit and attendance on item above","%",{"$f":"H290","v":50000},{"v":0.1,"d":"10%"},{"$f":"G292*F292","v":{"v":5000,"d":"5,000.00"}}]
{"$rows_empty":10}
["Total Carried Forward To Summary",{"$nulls":6},{"$f":"SUM(H274:H302)","v":{"v":2574830,"d":"R2,574,830.00"}}]